<?xml version="1.0" encoding="utf-8"?>
<collection xmlns="http://www.loc.gov/MARC21/slim">
  <record xmlns="http://www.loc.gov/MARC21/slim" type="Bibliographic"><leader>     cam a        a 4500</leader><controlfield tag="001">14294984</controlfield><controlfield tag="003">SE-LIBR</controlfield><controlfield tag="005">20150313200304.0</controlfield><controlfield tag="008">130618s2013    sw |||||||||||000 0|swe|c</controlfield><datafield ind1=" " ind2=" " tag="020"><subfield code="a">9789186323769</subfield></datafield><datafield ind1=" " ind2=" " tag="040"><subfield code="a">La</subfield><subfield code="d">Gih</subfield><subfield code="d">S</subfield><subfield code="e">a</subfield></datafield><datafield ind1=" " ind2=" " tag="041"><subfield code="a">swe</subfield></datafield><datafield ind1=" " ind2=" " tag="042"><subfield code="9">NB</subfield></datafield><datafield ind1="0" ind2="4" tag="082"><subfield code="a">613.2024796</subfield><subfield code="2">23/swe</subfield></datafield><datafield ind1=" " ind2=" " tag="084"><subfield code="a">Vcc</subfield><subfield code="2">kssb/8</subfield></datafield><datafield ind1="1" ind2=" " tag="100"><subfield code="a">Bergh, Kurt,</subfield><subfield code="d">1944-</subfield><subfield code="0">https://libris.kb.se/b8nrzd6v2jwqgdc#it</subfield><subfield code="0">365726</subfield></datafield><datafield ind1="1" ind2="0" tag="245"><subfield code="a">Nutrient timing :</subfield><subfield code="b">rätt näring vid rätt tillfälle /</subfield><subfield code="c">Kurt Bergh ; [illustrationer: Jonny Hallberg].</subfield></datafield><datafield ind1=" " ind2="1" tag="264"><subfield code="a">Stockholm :</subfield><subfield code="b">SISU idrottsböcker,</subfield><subfield code="c">2013</subfield></datafield><datafield ind1=" " ind2="3" tag="264"><subfield code="a">Ödeshög :</subfield><subfield code="b">Danagård Litho</subfield></datafield><datafield ind1=" " ind2=" " tag="300"><subfield code="a">332 s.</subfield><subfield code="b">ill</subfield><subfield code="c">30 cm</subfield></datafield><datafield ind1=" " ind2=" " tag="340"><subfield code="b">30 cm</subfield></datafield><datafield ind1=" " ind2="7" tag="650"><subfield code="a">Idrottare</subfield><subfield code="0">https://id.kb.se/term/sao/Idrottare</subfield><subfield code="2">sao</subfield><subfield code="0">148622</subfield></datafield><datafield ind1=" " ind2="7" tag="650"><subfield code="a">Nutrition</subfield><subfield code="0">https://id.kb.se/term/sao/Nutrition</subfield><subfield code="2">sao</subfield><subfield code="0">155417</subfield></datafield><datafield ind1=" " ind2="7" tag="650"><subfield code="a">Träning</subfield><subfield code="x">fysiologiska aspekter</subfield><subfield code="2">sao</subfield></datafield><datafield ind1=" " ind2="7" tag="650"><subfield code="a">Idrott</subfield><subfield code="x">fysiologiska aspekter</subfield><subfield code="2">sao</subfield></datafield><datafield ind1=" " ind2="2" tag="650"><subfield code="a">Sports Nutritional Sciences</subfield></datafield><datafield ind1=" " ind2="0" tag="650"><subfield code="a">Athletes</subfield></datafield><datafield ind1=" " ind2="0" tag="650"><subfield code="a">Nutrition</subfield><subfield code="0">(DLC)sh 85093451</subfield><subfield code="0">155417</subfield></datafield><datafield ind1=" " ind2=" " tag="887"><subfield code="a">{"@id":"4nglrwrg2jfxc7p","modified":"2015-03-13T20:03:04+01:00","checksum":"133358201602"}</subfield><subfield code="2">librisxl</subfield></datafield><datafield ind1=" " ind2="s" tag="950"><subfield code="a">Idrottsstjärnor</subfield><subfield code="u">Idrottare</subfield></datafield><datafield ind1=" " ind2="s" tag="950"><subfield code="w">lle</subfield><subfield code="a">Idrottsutövare</subfield><subfield code="u">Idrottare</subfield></datafield><datafield ind1=" " ind2="s" tag="950"><subfield code="a">Olympier</subfield><subfield code="u">Idrottare</subfield></datafield><datafield ind1=" " ind2="s" tag="950"><subfield code="a">Födoämneslära</subfield><subfield code="u">Nutrition</subfield></datafield><datafield ind1=" " ind2="s" tag="950"><subfield code="a">Kost</subfield><subfield code="u">Nutrition</subfield></datafield><datafield ind1=" " ind2="s" tag="950"><subfield code="a">Näring</subfield><subfield code="u">Nutrition</subfield></datafield><datafield ind1=" " ind2="s" tag="950"><subfield code="a">Näringsprocesser</subfield><subfield code="u">Nutrition</subfield></datafield><datafield ind1=" " ind2="s" tag="950"><subfield code="a">Näringstillförsel</subfield><subfield code="u">Nutrition</subfield></datafield><datafield ind1=" " ind2="s" tag="950"><subfield code="a">Näringsupptagande</subfield><subfield code="u">Nutrition</subfield></datafield><datafield ind1="0" ind2=" " tag="976"><subfield code="a">Vc</subfield><subfield code="b">Medicinsk fysiologi, biofysik och kemi</subfield></datafield><datafield ind1=" " ind2=" " tag="841"><subfield code="5">Osts</subfield><subfield code="a">x  a</subfield><subfield code="b">191227||0000|||||000||||||000000</subfield><subfield code="e">u</subfield></datafield><datafield ind1=" " ind2=" " tag="852"><subfield code="5">Osts</subfield><subfield code="b">Osts</subfield></datafield><datafield ind1=" " ind2=" " tag="887"><subfield code="5">Osts</subfield><subfield code="a">{"@id":"r3sjw1k2p3c4hpwk","modified":"2019-12-27T10:40:53.769+01:00","checksum":"36567463932"}</subfield><subfield code="2">librisxl</subfield></datafield></record>
  <record xmlns="http://www.loc.gov/MARC21/slim" type="Bibliographic"><leader>     cam a        a 4500</leader><controlfield tag="001">14706368</controlfield><controlfield tag="003">SE-LIBR</controlfield><controlfield tag="005">20190221160534.0</controlfield><controlfield tag="008">130920s2013    sw |||||||||||000 0|swe|d</controlfield><datafield ind1=" " ind2=" " tag="020"><subfield code="a">9789144089287</subfield></datafield><datafield ind1=" " ind2=" " tag="035"><subfield code="a">(BOKR)9789144089287</subfield></datafield><datafield ind1=" " ind2=" " tag="040"><subfield code="a">BOKR</subfield><subfield code="d">S</subfield><subfield code="e">a</subfield></datafield><datafield ind1=" " ind2=" " tag="041"><subfield code="a">swe</subfield></datafield><datafield ind1=" " ind2=" " tag="042"><subfield code="9">NB</subfield></datafield><datafield ind1=" " ind2="4" tag="060"><subfield code="a">WY 100.5</subfield></datafield><datafield ind1="0" ind2="4" tag="082"><subfield code="a">651.504261</subfield><subfield code="2">23/swe</subfield></datafield><datafield ind1="0" ind2=" " tag="083"><subfield code="a">610.73028</subfield><subfield code="q">Mah</subfield><subfield code="2">23/swe</subfield></datafield><datafield ind1=" " ind2=" " tag="084"><subfield code="a">Vpb</subfield><subfield code="2">kssb/8</subfield></datafield><datafield ind1=" " ind2=" " tag="084"><subfield code="a">Vpg</subfield><subfield code="2">kssb/8</subfield></datafield><datafield ind1="1" ind2=" " tag="100"><subfield code="a">Ehnfors, Margareta,</subfield><subfield code="d">1941-</subfield><subfield code="0">https://libris.kb.se/vs68885d4csx61j#it</subfield><subfield code="0">186102</subfield></datafield><datafield ind1="1" ind2="0" tag="245"><subfield code="a">Nya VIPS-boken :</subfield><subfield code="b">välbefinnande, integritet, prevention, säkerhet /</subfield><subfield code="c">Margareta Ehnfors, Anna Ehrenberg, Ingrid Thorell-Ekstrand.</subfield></datafield><datafield ind1="1" ind2=" " tag="246"><subfield code="a">Nya VIPSboken</subfield></datafield><datafield ind1=" " ind2=" " tag="250"><subfield code="a">2. uppl.</subfield></datafield><datafield ind1=" " ind2="1" tag="264"><subfield code="a">Lund :</subfield><subfield code="b">Studentlitteratur,</subfield><subfield code="c">2013</subfield></datafield><datafield ind1=" " ind2="3" tag="264"><subfield code="a">Danmark</subfield></datafield><datafield ind1=" " ind2=" " tag="300"><subfield code="a">235 s.</subfield><subfield code="c">23 cm</subfield><subfield code="e">1 broschyr</subfield></datafield><datafield ind1=" " ind2=" " tag="340"><subfield code="b">23 cm</subfield></datafield><datafield ind1=" " ind2=" " tag="500"><subfield code="a">Tidigare utgiven med titeln: VIPS-boken : om en forskningsbaserad modell för dokumentation av omvårdnad i patientjournalen</subfield></datafield><datafield ind1=" " ind2="7" tag="650"><subfield code="a">Hälso- och sjukvårdsinformatik</subfield><subfield code="0">https://id.kb.se/term/sao/H%C3%A4lso-%20och%20sjukv%C3%A5rdsinformatik</subfield><subfield code="2">sao</subfield><subfield code="0">255911</subfield></datafield><datafield ind1=" " ind2="7" tag="650"><subfield code="a">Patientjournaler</subfield><subfield code="0">https://id.kb.se/term/sao/Patientjournaler</subfield><subfield code="2">sao</subfield><subfield code="0">165322</subfield></datafield><datafield ind1=" " ind2="7" tag="650"><subfield code="a">Omvårdnadsmodeller</subfield><subfield code="0">https://id.kb.se/term/sao/Omv%C3%A5rdnadsmodeller</subfield><subfield code="2">sao</subfield><subfield code="0">228715</subfield></datafield><datafield ind1=" " ind2="7" tag="650"><subfield code="a">Hälso- och sjukvård</subfield><subfield code="0">https://id.kb.se/term/sao/H%C3%A4lso-%20och%20sjukv%C3%A5rd</subfield><subfield code="2">sao</subfield><subfield code="0">167499</subfield></datafield><datafield ind1="2" ind2="2" tag="650"><subfield code="a">Quality control</subfield></datafield><datafield ind1="2" ind2="2" tag="650"><subfield code="a">Reference Standards</subfield></datafield><datafield ind1="1" ind2="2" tag="650"><subfield code="a">Nursing Records</subfield><subfield code="x">standards</subfield></datafield><datafield ind1=" " ind2="0" tag="650"><subfield code="a">Nursing models</subfield></datafield><datafield ind1=" " ind2="0" tag="650"><subfield code="a">Medical care</subfield></datafield><datafield ind1=" " ind2="0" tag="650"><subfield code="a">Hospital care</subfield></datafield><datafield ind1="1" ind2=" " tag="700"><subfield code="a">Ehnfors, Margareta,</subfield><subfield code="d">1941-.</subfield><subfield code="t">VIPS-boken</subfield><subfield code="0">186102</subfield></datafield><datafield ind1="1" ind2=" " tag="700"><subfield code="a">Ehrenberg, Anna,</subfield><subfield code="d">1956-</subfield><subfield code="0">https://libris.kb.se/tr579spc0fp6rvg#it</subfield><subfield code="0">228011</subfield></datafield><datafield ind1="1" ind2=" " tag="700"><subfield code="a">Thorell-Ekstrand, Ingrid,</subfield><subfield code="d">1939-</subfield><subfield code="0">https://libris.kb.se/wt79btkf3542tch#it</subfield><subfield code="0">199933</subfield></datafield><datafield ind1=" " ind2=" " tag="887"><subfield code="a">{"@id":"xg8d2xn802jw8qz","modified":"2019-02-21T16:05:34.644+01:00","checksum":"77578583877"}</subfield><subfield code="2">librisxl</subfield></datafield><datafield ind1="1" ind2="s" tag="900"><subfield code="a">Ekstrand, Ingrid Thorell,</subfield><subfield code="d">1939-</subfield><subfield code="u">Thorell-Ekstrand, Ingrid,</subfield><subfield code="d">1939-</subfield></datafield><datafield ind1=" " ind2="s" tag="950"><subfield code="a">Modeller</subfield><subfield code="x">omvårdnad</subfield><subfield code="u">Omvårdnadsmodeller</subfield></datafield><datafield ind1=" " ind2="s" tag="950"><subfield code="a">Vård och omsorg</subfield><subfield code="u">Hälso- och sjukvård</subfield></datafield><datafield ind1=" " ind2="s" tag="950"><subfield code="w">||e</subfield><subfield code="a">Sjukjournaler</subfield><subfield code="u">Patientjournaler</subfield></datafield><datafield ind1=" " ind2="s" tag="950"><subfield code="a">Journaler</subfield><subfield code="x">hälso- och sjukvård</subfield><subfield code="u">Patientjournaler</subfield></datafield><datafield ind1="0" ind2=" " tag="976"><subfield code="a">Vpb</subfield><subfield code="b">Sjukvårdsadministration och sjukvårdsadministration</subfield></datafield><datafield ind1="0" ind2=" " tag="976"><subfield code="a">Vpg</subfield><subfield code="b">Omvårdnad</subfield></datafield><datafield ind1=" " ind2=" " tag="841"><subfield code="5">Osts</subfield><subfield code="a">x  a</subfield><subfield code="b">191227||0000|||||000||||||000000</subfield><subfield code="e">u</subfield></datafield><datafield ind1=" " ind2=" " tag="852"><subfield code="5">Osts</subfield><subfield code="b">Osts</subfield></datafield><datafield ind1=" " ind2=" " tag="887"><subfield code="5">Osts</subfield><subfield code="a">{"@id":"0b1r5sf5xwc6mlwc","modified":"2019-12-27T11:01:25.767+01:00","checksum":"58391617281"}</subfield><subfield code="2">librisxl</subfield></datafield></record>
  <record xmlns="http://www.loc.gov/MARC21/slim" type="Bibliographic"><leader>     cam a        a 4500</leader><controlfield tag="001">14809828</controlfield><controlfield tag="003">SE-LIBR</controlfield><controlfield tag="005">20160427115024.0</controlfield><controlfield tag="008">131120s2013    sw |||||||||||000 0|swe|d</controlfield><datafield ind1=" " ind2=" " tag="020"><subfield code="a">9789144086064</subfield></datafield><datafield ind1=" " ind2=" " tag="035"><subfield code="a">(BOKR)9789144086064</subfield></datafield><datafield ind1=" " ind2=" " tag="040"><subfield code="a">BOKR</subfield><subfield code="d">S</subfield><subfield code="e">a</subfield></datafield><datafield ind1=" " ind2=" " tag="041"><subfield code="a">swe</subfield></datafield><datafield ind1=" " ind2=" " tag="042"><subfield code="9">NB</subfield></datafield><datafield ind1="0" ind2="4" tag="082"><subfield code="a">616.89075</subfield><subfield code="2">23/swe</subfield></datafield><datafield ind1=" " ind2=" " tag="084"><subfield code="a">Vla</subfield><subfield code="2">kssb/8 (machine generated)</subfield></datafield><datafield ind1="1" ind2=" " tag="100"><subfield code="a">Eklundh, Thomas,</subfield><subfield code="d">1950-</subfield><subfield code="0">https://libris.kb.se/rp36dzm92xj3drl#it</subfield><subfield code="0">369309</subfield></datafield><datafield ind1="1" ind2="0" tag="245"><subfield code="a">Psykiatri för primärvården /</subfield><subfield code="c">Thomas Eklundh.</subfield></datafield><datafield ind1=" " ind2=" " tag="250"><subfield code="a">1. uppl.</subfield></datafield><datafield ind1=" " ind2="1" tag="264"><subfield code="a">Lund :</subfield><subfield code="b">Studentlitteratur,</subfield><subfield code="c">2013</subfield></datafield><datafield ind1=" " ind2="3" tag="264"><subfield code="a">Danmark</subfield></datafield><datafield ind1=" " ind2=" " tag="300"><subfield code="a">335 s.</subfield><subfield code="c">23 cm</subfield></datafield><datafield ind1=" " ind2=" " tag="340"><subfield code="b">23 cm</subfield></datafield><datafield ind1=" " ind2="7" tag="650"><subfield code="a">Personer med psykisk funktionsnedsättning</subfield><subfield code="0">https://id.kb.se/term/sao/Personer%20med%20psykisk%20funktionsneds%C3%A4ttning</subfield><subfield code="2">sao</subfield><subfield code="0">140635</subfield></datafield><datafield ind1=" " ind2="7" tag="650"><subfield code="a">Primärvård</subfield><subfield code="0">https://id.kb.se/term/sao/Prim%C3%A4rv%C3%A5rd</subfield><subfield code="2">sao</subfield><subfield code="0">157005</subfield></datafield><datafield ind1=" " ind2="7" tag="650"><subfield code="a">Hälso- och sjukvård</subfield><subfield code="0">https://id.kb.se/term/sao/H%C3%A4lso-%20och%20sjukv%C3%A5rd</subfield><subfield code="2">sao</subfield><subfield code="0">167499</subfield></datafield><datafield ind1=" " ind2="2" tag="650"><subfield code="a">Primary Health Care</subfield></datafield><datafield ind1=" " ind2="2" tag="650"><subfield code="a">Mental Disorders</subfield><subfield code="x">diagnosis</subfield></datafield><datafield ind1=" " ind2="2" tag="650"><subfield code="a">Mental Disorders</subfield><subfield code="x">therapy</subfield></datafield><datafield ind1=" " ind2="0" tag="650"><subfield code="a">Medical care</subfield></datafield><datafield ind1=" " ind2="0" tag="650"><subfield code="a">Hospital care</subfield></datafield><datafield ind1=" " ind2="0" tag="650"><subfield code="a">People with mental disabilities</subfield></datafield><datafield ind1=" " ind2="0" tag="650"><subfield code="a">Primary health care</subfield></datafield><datafield ind1=" " ind2=" " tag="887"><subfield code="a">{"@id":"l4x2vf8x4gf9407","modified":"2016-04-27T11:50:24+02:00","checksum":"101670356465"}</subfield><subfield code="2">librisxl</subfield></datafield><datafield ind1=" " ind2="s" tag="950"><subfield code="a">Vård och omsorg</subfield><subfield code="u">Hälso- och sjukvård</subfield></datafield><datafield ind1=" " ind2="s" tag="950"><subfield code="a">Personer med psykisk funktionsvariation</subfield><subfield code="u">Personer med psykisk funktionsnedsättning</subfield></datafield><datafield ind1=" " ind2="s" tag="950"><subfield code="w">||e</subfield><subfield code="a">Personer med psykiska funktionshinder</subfield><subfield code="u">Personer med psykisk funktionsnedsättning</subfield></datafield><datafield ind1=" " ind2="s" tag="950"><subfield code="a">Psykiskt funktionshindrade</subfield><subfield code="u">Personer med psykisk funktionsnedsättning</subfield></datafield><datafield ind1=" " ind2="s" tag="950"><subfield code="w">||e</subfield><subfield code="a">Psykiskt handikappade</subfield><subfield code="u">Personer med psykisk funktionsnedsättning</subfield></datafield><datafield ind1=" " ind2="s" tag="950"><subfield code="a">Närsjukvård</subfield><subfield code="u">Primärvård</subfield></datafield><datafield ind1=" " ind2=" " tag="841"><subfield code="5">Osts</subfield><subfield code="a">x  a</subfield><subfield code="b">191227||0000|||||000||||||000000</subfield><subfield code="e">u</subfield></datafield><datafield ind1=" " ind2=" " tag="852"><subfield code="5">Osts</subfield><subfield code="b">Osts</subfield></datafield><datafield ind1=" " ind2=" " tag="887"><subfield code="5">Osts</subfield><subfield code="a">{"@id":"kwlbrvl6h24rrjp0","modified":"2019-12-27T11:08:00.364+01:00","checksum":"29489146156"}</subfield><subfield code="2">librisxl</subfield></datafield></record>
  <record xmlns="http://www.loc.gov/MARC21/slim" type="Bibliographic"><leader>     cam a        a 4500</leader><controlfield tag="001">13498745</controlfield><controlfield tag="003">SE-LIBR</controlfield><controlfield tag="005">20160307152700.0</controlfield><controlfield tag="008">120802s2012    sw |||||||||||000 0|swe| </controlfield><datafield ind1=" " ind2=" " tag="020"><subfield code="a">9789144082264</subfield></datafield><datafield ind1=" " ind2=" " tag="040"><subfield code="a">LGEN</subfield><subfield code="d">Soph</subfield><subfield code="d">S</subfield><subfield code="e">a</subfield></datafield><datafield ind1=" " ind2=" " tag="041"><subfield code="a">swe</subfield></datafield><datafield ind1=" " ind2=" " tag="042"><subfield code="9">NB</subfield><subfield code="9">ARB</subfield></datafield><datafield ind1="0" ind2="4" tag="082"><subfield code="a">153.6</subfield><subfield code="2">23/swe</subfield></datafield><datafield ind1=" " ind2=" " tag="084"><subfield code="a">Doka</subfield><subfield code="2">kssb/8</subfield></datafield><datafield ind1="1" ind2=" " tag="100"><subfield code="a">Hilmarsson, Hilmar Thór,</subfield><subfield code="d">1962-</subfield><subfield code="0">https://libris.kb.se/c9prtrvw2sz04tx#it</subfield><subfield code="0">240297</subfield></datafield><datafield ind1="1" ind2="0" tag="245"><subfield code="a">Samtalet med känslomässig intelligens /</subfield><subfield code="c">Hilmar Thór Hilmarsson.</subfield></datafield><datafield ind1=" " ind2=" " tag="250"><subfield code="a">4., uppdaterade uppl.</subfield></datafield><datafield ind1=" " ind2="1" tag="264"><subfield code="a">Lund :</subfield><subfield code="b">Studentlitteratur,</subfield><subfield code="c">2012</subfield></datafield><datafield ind1=" " ind2="3" tag="264"><subfield code="a">Polen</subfield></datafield><datafield ind1=" " ind2=" " tag="300"><subfield code="a">351 s.</subfield><subfield code="b">ill.</subfield><subfield code="c">23 cm</subfield></datafield><datafield ind1=" " ind2=" " tag="340"><subfield code="b">23 cm</subfield></datafield><datafield ind1="8" ind2=" " tag="505"><subfield code="a">Professionell empati - det verkligt skickliga gör i samtal -- Attityder och värderingar -- Jag-budskap -- Att hävda sig -- Att lyssna -- Att ställa frågor -- Att berömma -- Återkoppling - eller kritik -- Att förklara -- Att säga nej - utan att såra -- Att hantera känslor under ett samtal -- Problemlösningssamtalet -- Samtal med svåra besked -- Coaching - full fart mot förändring -- Utvecklingssamtalet -- Att hantera konflikter</subfield></datafield><datafield ind1=" " ind2="7" tag="650"><subfield code="a">Samtalsmetodik</subfield><subfield code="0">https://id.kb.se/term/sao/Samtalsmetodik</subfield><subfield code="2">sao</subfield><subfield code="0">164700</subfield></datafield><datafield ind1=" " ind2="7" tag="650"><subfield code="a">Kommunikationspsykologi</subfield><subfield code="0">https://id.kb.se/term/sao/Kommunikationspsykologi</subfield><subfield code="2">sao</subfield><subfield code="0">150644</subfield></datafield><datafield ind1="1" ind2="2" tag="650"><subfield code="a">Communication</subfield></datafield><datafield ind1="2" ind2="2" tag="650"><subfield code="a">Ethics, Professional</subfield></datafield><datafield ind1="2" ind2="2" tag="650"><subfield code="a">Empathy</subfield></datafield><datafield ind1="2" ind2="2" tag="650"><subfield code="a">Emotions</subfield></datafield><datafield ind1=" " ind2=" " tag="887"><subfield code="a">{"@id":"tc58g3r5599rxhg","modified":"2016-03-07T15:27:00+01:00","checksum":"18903653209"}</subfield><subfield code="2">librisxl</subfield></datafield><datafield ind1="0" ind2="s" tag="900"><subfield code="a">Hilmar Thór Hilmarsson,</subfield><subfield code="d">1962-</subfield><subfield code="u">Hilmarsson, Hilmar Thór,</subfield><subfield code="d">1962-</subfield></datafield><datafield ind1="1" ind2="s" tag="900"><subfield code="a">Hilmarsson, Hilmar Th.</subfield><subfield code="d">1962-</subfield><subfield code="u">Hilmarsson, Hilmar Thór,</subfield><subfield code="d">1962-</subfield></datafield><datafield ind1="1" ind2="s" tag="900"><subfield code="a">Hilmarsson, Hilmar Thorarinn,</subfield><subfield code="d">1962-</subfield><subfield code="u">Hilmarsson, Hilmar Thór,</subfield><subfield code="d">1962-</subfield></datafield><datafield ind1="0" ind2=" " tag="976"><subfield code="a">Doka</subfield><subfield code="b">Arbetspsykologi</subfield></datafield><datafield ind1=" " ind2=" " tag="841"><subfield code="5">Osts</subfield><subfield code="a">x  a</subfield><subfield code="b">191227||0000|||||000||||||000000</subfield><subfield code="e">u</subfield></datafield><datafield ind1=" " ind2=" " tag="852"><subfield code="5">Osts</subfield><subfield code="b">Osts</subfield></datafield><datafield ind1=" " ind2=" " tag="887"><subfield code="5">Osts</subfield><subfield code="a">{"@id":"r3sjzd15pm4rnt55","modified":"2019-12-27T11:12:36.471+01:00","checksum":"35089800918"}</subfield><subfield code="2">librisxl</subfield></datafield></record>
  <record xmlns="http://www.loc.gov/MARC21/slim" type="Bibliographic"><leader>     cam a        i 4500</leader><controlfield tag="001">20719616</controlfield><controlfield tag="003">SE-LIBR</controlfield><controlfield tag="005">20190214154639.0</controlfield><controlfield tag="008">170425s2017    sw |||||||||||000 0|swe|c</controlfield><datafield ind1=" " ind2=" " tag="020"><subfield code="a">9789144116181</subfield><subfield code="q">häftad</subfield></datafield><datafield ind1=" " ind2=" " tag="040"><subfield code="a">C</subfield><subfield code="b">swe</subfield><subfield code="d">S</subfield><subfield code="e">i</subfield><subfield code="e">rda</subfield></datafield><datafield ind1=" " ind2=" " tag="041"><subfield code="a">swe</subfield></datafield><datafield ind1=" " ind2=" " tag="042"><subfield code="9">NB</subfield></datafield><datafield ind1="0" ind2="4" tag="082"><subfield code="a">362.1068</subfield><subfield code="2">23/swe</subfield></datafield><datafield ind1=" " ind2=" " tag="084"><subfield code="a">Vpb</subfield><subfield code="2">kssb/8 (machine generated)</subfield></datafield><datafield ind1="1" ind2="0" tag="245"><subfield code="a">Kvalitetsarbete för bättre och säkrare vård /</subfield><subfield code="c">redaktörer: Ann-Marie Boström, Gun Nordström, Bodil Wilde Larsson.</subfield></datafield><datafield ind1=" " ind2=" " tag="250"><subfield code="a">Andra upplagan</subfield></datafield><datafield ind1=" " ind2="1" tag="264"><subfield code="a">Lund :</subfield><subfield code="b">Studentlitteratur,</subfield><subfield code="c">[2017]</subfield></datafield><datafield ind1=" " ind2="3" tag="264"><subfield code="c">2017</subfield></datafield><datafield ind1=" " ind2=" " tag="300"><subfield code="a">287 sidor</subfield><subfield code="b">illustrationer</subfield><subfield code="c">23 cm</subfield></datafield><datafield ind1=" " ind2=" " tag="336"><subfield code="a">text</subfield><subfield code="b">txt</subfield><subfield code="2">rdacontent</subfield></datafield><datafield ind1=" " ind2=" " tag="337"><subfield code="a">unmediated</subfield><subfield code="b">n</subfield><subfield code="2">rdamedia</subfield></datafield><datafield ind1=" " ind2=" " tag="338"><subfield code="a">volume</subfield><subfield code="b">nc</subfield><subfield code="2">rdacarrier</subfield></datafield><datafield ind1=" " ind2=" " tag="340"><subfield code="b">23 cm</subfield></datafield><datafield ind1=" " ind2=" " tag="500"><subfield code="a">Tidigare utgåva med Gun Nordström och Bodil Wilde Larsson</subfield></datafield><datafield ind1=" " ind2="7" tag="650"><subfield code="a">Kvalitetssäkring inom hälso- och sjukvård</subfield><subfield code="0">https://id.kb.se/term/sao/Kvalitetss%C3%A4kring%20inom%20h%C3%A4lso-%20och%20sjukv%C3%A5rd</subfield><subfield code="2">sao</subfield><subfield code="0">151617</subfield></datafield><datafield ind1=" " ind2="7" tag="650"><subfield code="a">Vårdkvalitet</subfield><subfield code="0">https://id.kb.se/term/sao/V%C3%A5rdkvalitet</subfield><subfield code="2">sao</subfield><subfield code="0">162739</subfield></datafield><datafield ind1=" " ind2="7" tag="650"><subfield code="a">Patientsäkerhet</subfield><subfield code="0">https://id.kb.se/term/sao/Patients%C3%A4kerhet</subfield><subfield code="2">sao</subfield><subfield code="0">271328</subfield></datafield><datafield ind1=" " ind2="2" tag="650"><subfield code="a">Review Literature as Topic</subfield></datafield><datafield ind1=" " ind2="2" tag="650"><subfield code="a">Quality of Health Care</subfield></datafield><datafield ind1=" " ind2="2" tag="650"><subfield code="a">Patient Safety</subfield></datafield><datafield ind1=" " ind2="2" tag="650"><subfield code="a">Quality Assurance, Health Care</subfield></datafield><datafield ind1=" " ind2="7" tag="650"><subfield code="a">medical sciences</subfield><subfield code="2">agrovoc</subfield></datafield><datafield ind1=" " ind2="7" tag="650"><subfield code="a">quality assurance </subfield><subfield code="2">agrovoc</subfield></datafield><datafield ind1=" " ind2="7" tag="650"><subfield code="a">patients </subfield><subfield code="2">agrovoc</subfield></datafield><datafield ind1=" " ind2="7" tag="650"><subfield code="a">Quality assurance, Health care</subfield><subfield code="2">mesh</subfield></datafield><datafield ind1=" " ind2="7" tag="650"><subfield code="a">Quality of health care</subfield><subfield code="2">mesh</subfield></datafield><datafield ind1="1" ind2=" " tag="700"><subfield code="a">Boström, Ann-Marie</subfield><subfield code="4">edt</subfield></datafield><datafield ind1="1" ind2=" " tag="700"><subfield code="a">Nordström, Gun,</subfield><subfield code="d">1946-</subfield><subfield code="4">edt</subfield><subfield code="0">https://libris.kb.se/rp36bhk94907vpd#it</subfield><subfield code="0">302649</subfield></datafield><datafield ind1="1" ind2=" " tag="700"><subfield code="a">Wilde Larsson, Bodil,</subfield><subfield code="d">1951-</subfield><subfield code="4">edt</subfield><subfield code="0">https://libris.kb.se/wt7966qf3q7zptg#it</subfield><subfield code="0">101983</subfield></datafield><datafield ind1=" " ind2=" " tag="887"><subfield code="a">{"@id":"j2v837mv432mxsx","modified":"2019-02-14T15:46:39.839+01:00","checksum":"200324661315"}</subfield><subfield code="2">librisxl</subfield></datafield><datafield ind1="1" ind2="s" tag="900"><subfield code="a">Larsson, Bodil Wilde,</subfield><subfield code="d">1951-</subfield><subfield code="u">Wilde Larsson, Bodil,</subfield><subfield code="d">1951-</subfield></datafield><datafield ind1=" " ind2="s" tag="950"><subfield code="a">Vårdsäkerhet</subfield><subfield code="u">Patientsäkerhet</subfield></datafield><datafield ind1=" " ind2=" " tag="841"><subfield code="5">Osts</subfield><subfield code="a">x  a</subfield><subfield code="b">191227||0000|||||000||||||000000</subfield><subfield code="e">u</subfield></datafield><datafield ind1=" " ind2=" " tag="852"><subfield code="5">Osts</subfield><subfield code="b">Osts</subfield></datafield><datafield ind1=" " ind2=" " tag="887"><subfield code="5">Osts</subfield><subfield code="a">{"@id":"z90q65khwkwq95m1","modified":"2019-12-27T11:20:24.588+01:00","checksum":"35801600856"}</subfield><subfield code="2">librisxl</subfield></datafield></record>
  <record xmlns="http://www.loc.gov/MARC21/slim" type="Bibliographic"><leader>     cam a       7a 4500</leader><controlfield tag="001">12075831</controlfield><controlfield tag="003">SE-LIBR</controlfield><controlfield tag="005">20180129115829.0</controlfield><controlfield tag="008">110119s2010    sw |||||||||||000 0|swe|c</controlfield><datafield ind1=" " ind2=" " tag="020"><subfield code="a">9789186633189</subfield></datafield><datafield ind1=" " ind2=" " tag="040"><subfield code="a">Hi</subfield><subfield code="e">a</subfield></datafield><datafield ind1=" " ind2=" " tag="041"><subfield code="a">swe</subfield></datafield><datafield ind1="0" ind2="4" tag="082"><subfield code="a">610</subfield><subfield code="2">22 (machine generated)</subfield></datafield><datafield ind1="0" ind2=" " tag="083"><subfield code="a">615.8515</subfield><subfield code="2">22 (machine generated)</subfield></datafield><datafield ind1=" " ind2=" " tag="084"><subfield code="a">Vn</subfield><subfield code="2">kssb</subfield></datafield><datafield ind1=" " ind2=" " tag="084"><subfield code="a">Vmj</subfield><subfield code="2">kssb/8</subfield></datafield><datafield ind1="1" ind2=" " tag="100"><subfield code="a">Larsson Lund, Maria,</subfield><subfield code="d">1967-</subfield><subfield code="0">https://libris.kb.se/jgvx12g23n5d65p#it</subfield><subfield code="0">243362</subfield></datafield><datafield ind1="1" ind2="0" tag="245"><subfield code="a">Användning av vardagsteknik efter förvärvad hjärnskada :</subfield><subfield code="b">arbetsterapeutisk  bedömning och intervention i daglig aktivitet /</subfield><subfield code="c">Maria Larsson Lund och Anita Lindén.</subfield></datafield><datafield ind1=" " ind2=" " tag="250"><subfield code="a">1. uppl.</subfield></datafield><datafield ind1=" " ind2="1" tag="264"><subfield code="a">Vällingby :</subfield><subfield code="b">Hjälpmedelsinstitutet ;</subfield><subfield code="a">www.sklkommentus.se [distributör],</subfield><subfield code="c">2010</subfield></datafield><datafield ind1=" " ind2=" " tag="300"><subfield code="a">46 s.</subfield><subfield code="b">ill.</subfield><subfield code="e">1 DVD "Det är målet"</subfield></datafield><datafield ind1=" " ind2=" " tag="588"><subfield code="a">NB: DVD saknas</subfield></datafield><datafield ind1=" " ind2="7" tag="650"><subfield code="a">Personer med hjärnskador</subfield><subfield code="0">https://id.kb.se/term/sao/Personer%20med%20hj%C3%A4rnskador</subfield><subfield code="2">sao</subfield><subfield code="0">243542</subfield></datafield><datafield ind1=" " ind2="7" tag="650"><subfield code="a">Vardagsliv</subfield><subfield code="0">https://id.kb.se/term/sao/Vardagsliv</subfield><subfield code="2">sao</subfield><subfield code="0">162101</subfield></datafield><datafield ind1=" " ind2="7" tag="650"><subfield code="a">Arbetsterapi</subfield><subfield code="0">https://id.kb.se/term/sao/Arbetsterapi</subfield><subfield code="2">sao</subfield><subfield code="0">139782</subfield></datafield><datafield ind1=" " ind2="2" tag="650"><subfield code="a">Activities of daily living</subfield></datafield><datafield ind1=" " ind2="2" tag="650"><subfield code="a">Brain injuries</subfield></datafield><datafield ind1=" " ind2="2" tag="650"><subfield code="a">Occupational therapy</subfield><subfield code="x">methods</subfield></datafield><datafield ind1=" " ind2="0" tag="650"><subfield code="a">Occupational therapy</subfield></datafield><datafield ind1="1" ind2=" " tag="700"><subfield code="a">Lindén, Anita,</subfield><subfield code="d">1945-</subfield></datafield><datafield ind1="2" ind2=" " tag="710"><subfield code="a">Hjälpmedelsinstitutet</subfield><subfield code="4">pbl</subfield></datafield><datafield ind1="2" ind2=" " tag="710"><subfield code="a">KogniTek (projekt)</subfield><subfield code="e">unspecifiedContributor</subfield><subfield code="4">oth</subfield></datafield><datafield ind1=" " ind2=" " tag="887"><subfield code="a">{"@id":"cwpq8x8p4w2fn9h","modified":"2018-01-29T11:58:29+01:00","checksum":"112808914660"}</subfield><subfield code="2">librisxl</subfield></datafield><datafield ind1="1" ind2="s" tag="900"><subfield code="a">Lund, Maria Larsson,</subfield><subfield code="d">1967-</subfield><subfield code="u">Larsson Lund, Maria,</subfield><subfield code="d">1967-</subfield></datafield><datafield ind1=" " ind2="s" tag="950"><subfield code="a">Sysselsättningsterapi</subfield><subfield code="u">Arbetsterapi</subfield></datafield><datafield ind1=" " ind2="s" tag="950"><subfield code="a">Ergoterapi</subfield><subfield code="u">Arbetsterapi</subfield></datafield><datafield ind1=" " ind2="s" tag="950"><subfield code="a">Hjärnskadade</subfield><subfield code="u">Personer med hjärnskador</subfield></datafield><datafield ind1=" " ind2="s" tag="950"><subfield code="a">Personer med förvärvade hjärnskador</subfield><subfield code="u">Personer med hjärnskador</subfield></datafield><datafield ind1=" " ind2="s" tag="950"><subfield code="a">Hjärnskador</subfield><subfield code="x">patienter</subfield><subfield code="u">Personer med hjärnskador</subfield></datafield><datafield ind1="0" ind2=" " tag="976"><subfield code="a">Vmj</subfield><subfield code="b">Arbetsterapi</subfield></datafield><datafield ind1=" " ind2=" " tag="841"><subfield code="5">Osts</subfield><subfield code="a">x  a</subfield><subfield code="b">191227||0000|||||000||||||000000</subfield><subfield code="e">u</subfield></datafield><datafield ind1=" " ind2=" " tag="852"><subfield code="5">Osts</subfield><subfield code="b">Osts</subfield></datafield><datafield ind1=" " ind2=" " tag="887"><subfield code="5">Osts</subfield><subfield code="a">{"@id":"dqf5mp29bg6bz9mg","modified":"2019-12-27T11:21:47.691+01:00","checksum":"21395281190"}</subfield><subfield code="2">librisxl</subfield></datafield></record>
  <record xmlns="http://www.loc.gov/MARC21/slim" type="Bibliographic"><leader>     cam a       7a 4500</leader><controlfield tag="001">11748634</controlfield><controlfield tag="003">SE-LIBR</controlfield><controlfield tag="005">20180509132839.0</controlfield><controlfield tag="008">100203s2010    sw a||||||||||000 0|swe|c</controlfield><datafield ind1=" " ind2=" " tag="020"><subfield code="a">9147103205</subfield><subfield code="q">etikett på bakre omslaget</subfield></datafield><datafield ind1=" " ind2=" " tag="020"><subfield code="a">9789147103201</subfield><subfield code="q">etikett på bakre omslaget</subfield></datafield><datafield ind1=" " ind2=" " tag="020"><subfield code="z">9789147094141 (titelsidans baksida)</subfield></datafield><datafield ind1=" " ind2=" " tag="040"><subfield code="a">LGEN</subfield><subfield code="d">Li</subfield><subfield code="e">a</subfield></datafield><datafield ind1=" " ind2=" " tag="041"><subfield code="a">swe</subfield></datafield><datafield ind1=" " ind2="4" tag="060"><subfield code="a">WG 140</subfield></datafield><datafield ind1=" " ind2="4" tag="082"><subfield code="a">616.1207547</subfield><subfield code="2">22</subfield></datafield><datafield ind1=" " ind2=" " tag="084"><subfield code="a">Veh</subfield><subfield code="2">kssb/8</subfield></datafield><datafield ind1="1" ind2=" " tag="100"><subfield code="a">Lind, Ylva,</subfield><subfield code="d">1980-</subfield><subfield code="0">https://libris.kb.se/dbqt0dxx1wgr33r#it</subfield><subfield code="0">336628</subfield></datafield><datafield ind1="1" ind2="0" tag="245"><subfield code="a">EKG-boken, bok med eLabb /</subfield><subfield code="c">Ylva Lind, Lars Lind.</subfield></datafield><datafield ind1=" " ind2="1" tag="264"><subfield code="a">Stockholm :</subfield><subfield code="b">Liber,</subfield><subfield code="c">cop. 2010</subfield></datafield><datafield ind1=" " ind2=" " tag="300"><subfield code="a">223 s.</subfield><subfield code="b">ill.</subfield></datafield><datafield ind1=" " ind2="7" tag="650"><subfield code="a">Medicin</subfield><subfield code="0">https://id.kb.se/term/sao/Medicin</subfield><subfield code="2">sao</subfield><subfield code="0">152943</subfield></datafield><datafield ind1=" " ind2="7" tag="650"><subfield code="a">EKG</subfield><subfield code="0">https://id.kb.se/term/sao/EKG</subfield><subfield code="2">sao</subfield><subfield code="0">143933</subfield></datafield><datafield ind1=" " ind2="2" tag="650"><subfield code="a">Electrocardiography.</subfield></datafield><datafield ind1=" " ind2="0" tag="650"><subfield code="a">Medicine</subfield></datafield><datafield ind1=" " ind2="0" tag="650"><subfield code="a">Electrocardiography</subfield></datafield><datafield ind1=" " ind2="7" tag="655"><subfield code="a">Handböcker, manualer etc.</subfield><subfield code="0">https://id.kb.se/term/saogf/Handb%C3%B6cker%2C%20manualer%20etc.</subfield><subfield code="2">saogf</subfield><subfield code="0">353452</subfield></datafield><datafield ind1="1" ind2=" " tag="700"><subfield code="a">Lind, Lars</subfield></datafield><datafield ind1=" " ind2=" " tag="887"><subfield code="a">{"@id":"sb45985417v66tl","modified":"2018-05-09T13:28:39+02:00","checksum":"89450728337"}</subfield><subfield code="2">librisxl</subfield></datafield><datafield ind1=" " ind2="s" tag="950"><subfield code="a">Läkekonst</subfield><subfield code="u">Medicin</subfield></datafield><datafield ind1=" " ind2="s" tag="950"><subfield code="a">Elektrokardiografi</subfield><subfield code="u">EKG</subfield></datafield><datafield ind1=" " ind2="s" tag="955"><subfield code="a">Handböcker</subfield><subfield code="u">Handböcker, manualer etc.</subfield></datafield><datafield ind1=" " ind2="s" tag="955"><subfield code="a">Manualer</subfield><subfield code="u">Handböcker, manualer etc.</subfield></datafield><datafield ind1=" " ind2="s" tag="955"><subfield code="a">Praktiska handledningar</subfield><subfield code="u">Handböcker, manualer etc.</subfield></datafield><datafield ind1=" " ind2="s" tag="955"><subfield code="a">Vademecum</subfield><subfield code="u">Handböcker, manualer etc.</subfield></datafield><datafield ind1="0" ind2=" " tag="976"><subfield code="a">Veh</subfield><subfield code="b">Cirkulationsorganen (kardiologi och angiologi)</subfield></datafield><datafield ind1=" " ind2=" " tag="841"><subfield code="5">Osts</subfield><subfield code="a">x  a</subfield><subfield code="b">191227||0000|||||000||||||000000</subfield><subfield code="e">u</subfield></datafield><datafield ind1=" " ind2=" " tag="852"><subfield code="5">Osts</subfield><subfield code="b">Osts</subfield></datafield><datafield ind1=" " ind2=" " tag="887"><subfield code="5">Osts</subfield><subfield code="a">{"@id":"bnc3kqxn8rr72bvd","modified":"2019-12-27T11:23:06.385+01:00","checksum":"23297135160"}</subfield><subfield code="2">librisxl</subfield></datafield></record>
  <record xmlns="http://www.loc.gov/MARC21/slim" type="Bibliographic"><leader>     cam a        a 4500</leader><controlfield tag="001">16416122</controlfield><controlfield tag="003">SE-LIBR</controlfield><controlfield tag="005">20160307155059.0</controlfield><controlfield tag="008">140418s2014    sw ||||||d||||000 0|swe|c</controlfield><datafield ind1=" " ind2=" " tag="020"><subfield code="a">9789144103037</subfield><subfield code="q">inb.</subfield></datafield><datafield ind1=" " ind2=" " tag="040"><subfield code="a">BOKR</subfield><subfield code="d">Li</subfield><subfield code="d">S</subfield><subfield code="e">a</subfield></datafield><datafield ind1=" " ind2=" " tag="041"><subfield code="a">swe</subfield></datafield><datafield ind1=" " ind2=" " tag="042"><subfield code="9">NB</subfield></datafield><datafield ind1="0" ind2="4" tag="082"><subfield code="a">610.3</subfield><subfield code="2">23/swe</subfield></datafield><datafield ind1=" " ind2=" " tag="084"><subfield code="a">V(x)</subfield><subfield code="2">kssb/8 (machine generated)</subfield></datafield><datafield ind1="1" ind2=" " tag="100"><subfield code="a">Lindskog, Bengt I.,</subfield><subfield code="d">1929-</subfield><subfield code="0">https://libris.kb.se/zw9dhs0h3fg31wz#it</subfield><subfield code="0">278565</subfield></datafield><datafield ind1="1" ind2="0" tag="245"><subfield code="a">Medicinsk terminologi /</subfield><subfield code="c">Bengt I Lindskog ; under medverkan av Andrén-Sandberg, Åke [och tio andra] ; [illustrationer: Urban Frank och Poul Buckhöj].</subfield></datafield><datafield ind1=" " ind2=" " tag="250"><subfield code="a">6., [oförändrade] uppl.</subfield></datafield><datafield ind1=" " ind2="1" tag="264"><subfield code="a">Lund :</subfield><subfield code="b">Studentlitteratur,</subfield><subfield code="c">2014</subfield></datafield><datafield ind1=" " ind2="3" tag="264"><subfield code="a">Danmark</subfield></datafield><datafield ind1=" " ind2=" " tag="300"><subfield code="a">704 s.</subfield><subfield code="b">ill.</subfield><subfield code="c">27 cm</subfield></datafield><datafield ind1=" " ind2=" " tag="340"><subfield code="b">27 cm</subfield></datafield><datafield ind1=" " ind2=" " tag="500"><subfield code="a">Tidigare utgiven av Norstedts</subfield></datafield><datafield ind1=" " ind2="7" tag="650"><subfield code="a">Medicin</subfield><subfield code="0">https://id.kb.se/term/sao/Medicin</subfield><subfield code="2">sao</subfield><subfield code="0">152943</subfield></datafield><datafield ind1=" " ind2="7" tag="650"><subfield code="a">Terminologi</subfield><subfield code="0">https://id.kb.se/term/sao/Terminologi</subfield><subfield code="2">sao</subfield><subfield code="0">159124</subfield></datafield><datafield ind1="1" ind2="2" tag="650"><subfield code="a">Medicine</subfield></datafield><datafield ind1=" " ind2="0" tag="650"><subfield code="a">Medicine</subfield></datafield><datafield ind1=" " ind2="7" tag="655"><subfield code="a">Lexikon</subfield><subfield code="0">https://id.kb.se/term/saogf/Lexikon</subfield><subfield code="2">saogf</subfield><subfield code="0">353479</subfield></datafield><datafield ind1=" " ind2="2" tag="655"><subfield code="a">Dictionary</subfield></datafield><datafield ind1=" " ind2="2" tag="655"><subfield code="a">Terminology</subfield></datafield><datafield ind1="1" ind2=" " tag="700"><subfield code="a">Andrén-Sandberg, Åke,</subfield><subfield code="d">1947-</subfield><subfield code="4">aut</subfield><subfield code="0">https://libris.kb.se/rp355r292fbw92t#it</subfield><subfield code="0">175299</subfield></datafield><datafield ind1="1" ind2=" " tag="700"><subfield code="a">Frank, Urban,</subfield><subfield code="d">1934-</subfield><subfield code="4">ill</subfield><subfield code="0">https://libris.kb.se/qn25c6d83nh6nn6#it</subfield><subfield code="0">376328</subfield></datafield><datafield ind1="1" ind2=" " tag="700"><subfield code="a">Buckhöj, Poul,</subfield><subfield code="d">1933-</subfield><subfield code="4">ill</subfield><subfield code="0">https://libris.kb.se/sq47f8gb46w34df#it</subfield><subfield code="0">376330</subfield></datafield><datafield ind1=" " ind2=" " tag="887"><subfield code="a">{"@id":"q82802623vktknq","modified":"2016-03-07T15:50:59+01:00","checksum":"117646067354"}</subfield><subfield code="2">librisxl</subfield></datafield><datafield ind1="1" ind2="s" tag="900"><subfield code="a">Sandberg, Åke Andrén-,</subfield><subfield code="d">1947-</subfield><subfield code="u">Andrén-Sandberg, Åke,</subfield><subfield code="d">1947-</subfield></datafield><datafield ind1=" " ind2="s" tag="950"><subfield code="a">Läkekonst</subfield><subfield code="u">Medicin</subfield></datafield><datafield ind1=" " ind2="s" tag="950"><subfield code="a">Nomenklatur</subfield><subfield code="u">Terminologi</subfield></datafield><datafield ind1=" " ind2=" " tag="841"><subfield code="5">Osts</subfield><subfield code="a">x  a</subfield><subfield code="b">191227||0000|||||000||||||000000</subfield><subfield code="e">u</subfield></datafield><datafield ind1=" " ind2=" " tag="852"><subfield code="5">Osts</subfield><subfield code="b">Osts</subfield></datafield><datafield ind1=" " ind2=" " tag="887"><subfield code="5">Osts</subfield><subfield code="a">{"@id":"frg6n174crw3qwf4","modified":"2019-12-27T11:25:54.124+01:00","checksum":"29079744299"}</subfield><subfield code="2">librisxl</subfield></datafield></record>
  <record xmlns="http://www.loc.gov/MARC21/slim" type="Bibliographic"><leader>     cam a        a 4500</leader><controlfield tag="001">12292604</controlfield><controlfield tag="003">SE-LIBR</controlfield><controlfield tag="005">20160307153715.0</controlfield><controlfield tag="008">110827s2011    sw |||||||||||000 0|swe| </controlfield><datafield ind1=" " ind2=" " tag="020"><subfield code="a">9789144069739</subfield></datafield><datafield ind1=" " ind2=" " tag="040"><subfield code="a">LGEN</subfield><subfield code="d">Soph</subfield><subfield code="d">S</subfield><subfield code="e">a</subfield></datafield><datafield ind1=" " ind2=" " tag="041"><subfield code="a">swe</subfield></datafield><datafield ind1=" " ind2=" " tag="042"><subfield code="9">NB</subfield></datafield><datafield ind1="0" ind2="4" tag="082"><subfield code="a">617.96</subfield><subfield code="2">22/swe</subfield></datafield><datafield ind1=" " ind2=" " tag="084"><subfield code="a">Vfd</subfield><subfield code="2">kssb/8</subfield></datafield><datafield ind1="1" ind2=" " tag="100"><subfield code="a">Lundberg, Dag,</subfield><subfield code="d">1940-</subfield><subfield code="0">https://libris.kb.se/qn25b68836sdl1r#it</subfield><subfield code="0">349208</subfield></datafield><datafield ind1="1" ind2="0" tag="245"><subfield code="a">Anestesiologi /</subfield><subfield code="c">Mikael Bodelsson (red.), Dag Lundberg, Bengt Roth, Mads Werner.</subfield></datafield><datafield ind1=" " ind2=" " tag="250"><subfield code="a">3., [rev.] uppl.</subfield></datafield><datafield ind1=" " ind2="1" tag="264"><subfield code="a">Lund :</subfield><subfield code="b">Studentlitteratur,</subfield><subfield code="c">2011</subfield></datafield><datafield ind1=" " ind2="3" tag="264"><subfield code="a">Polen</subfield></datafield><datafield ind1=" " ind2=" " tag="300"><subfield code="a">223 s.</subfield><subfield code="b">ill.</subfield><subfield code="c">23 cm</subfield></datafield><datafield ind1=" " ind2=" " tag="340"><subfield code="b">23 cm</subfield></datafield><datafield ind1=" " ind2="7" tag="650"><subfield code="a">Anestesi</subfield><subfield code="0">https://id.kb.se/term/sao/Anestesi</subfield><subfield code="2">sao</subfield><subfield code="0">139438</subfield></datafield><datafield ind1="1" ind2="2" tag="650"><subfield code="a">Anesthesia</subfield></datafield><datafield ind1="2" ind2="2" tag="650"><subfield code="a">Anesthesiology</subfield></datafield><datafield ind1=" " ind2="0" tag="650"><subfield code="a">Anesthesia</subfield></datafield><datafield ind1="1" ind2=" " tag="700"><subfield code="a">Bodelsson, Mikael,</subfield><subfield code="d">1961-</subfield><subfield code="4">edt</subfield></datafield><datafield ind1="1" ind2=" " tag="700"><subfield code="a">Roth, Bengt</subfield></datafield><datafield ind1="1" ind2=" " tag="700"><subfield code="a">Werner, Mads,</subfield><subfield code="d">1952-</subfield><subfield code="0">https://libris.kb.se/wt7bhb8f1rzvkhr#it</subfield><subfield code="0">349063</subfield></datafield><datafield ind1=" " ind2=" " tag="887"><subfield code="a">{"@id":"4ngh9qwg5dx2n92","modified":"2016-03-07T15:37:15+01:00","checksum":"37820352282"}</subfield><subfield code="2">librisxl</subfield></datafield><datafield ind1="1" ind2="s" tag="900"><subfield code="a">Lundberg, Dag B. A.,</subfield><subfield code="d">1940-</subfield><subfield code="u">Lundberg, Dag,</subfield><subfield code="d">1940-</subfield></datafield><datafield ind1="1" ind2="s" tag="900"><subfield code="a">Werner, Mads Utke,</subfield><subfield code="d">1952-</subfield><subfield code="u">Werner, Mads,</subfield><subfield code="d">1952-</subfield></datafield><datafield ind1="1" ind2="s" tag="900"><subfield code="a">Werner, Mads U.,</subfield><subfield code="d">1952-</subfield><subfield code="u">Werner, Mads,</subfield><subfield code="d">1952-</subfield></datafield><datafield ind1=" " ind2="s" tag="950"><subfield code="a">Bedövning</subfield><subfield code="u">Anestesi</subfield></datafield><datafield ind1=" " ind2="s" tag="950"><subfield code="w">||e</subfield><subfield code="a">Bedövningsmedel</subfield><subfield code="u">Anestesi</subfield></datafield><datafield ind1="0" ind2=" " tag="976"><subfield code="a">Vfd</subfield><subfield code="b">Anestesi</subfield></datafield><datafield ind1=" " ind2=" " tag="841"><subfield code="5">Osts</subfield><subfield code="a">x  a</subfield><subfield code="b">191227||0000|||||000||||||000000</subfield><subfield code="e">u</subfield></datafield><datafield ind1=" " ind2=" " tag="852"><subfield code="5">Osts</subfield><subfield code="b">Osts</subfield></datafield><datafield ind1=" " ind2=" " tag="887"><subfield code="5">Osts</subfield><subfield code="a">{"@id":"7k80jlcg5h2q1jhv","modified":"2019-12-27T11:49:26.698+01:00","checksum":"39603607180"}</subfield><subfield code="2">librisxl</subfield></datafield></record>
  <record xmlns="http://www.loc.gov/MARC21/slim" type="Bibliographic"><leader>     cam a       1a 4500</leader><controlfield tag="001">12053862</controlfield><controlfield tag="003">SE-LIBR</controlfield><controlfield tag="005">20180129182310.0</controlfield><controlfield tag="008">101208s2010    sw |||||||||||000 0|swe|c</controlfield><datafield ind1=" " ind2=" " tag="020"><subfield code="a">9789163374012</subfield></datafield><datafield ind1=" " ind2=" " tag="040"><subfield code="a">Qm</subfield><subfield code="d">S</subfield><subfield code="e">a</subfield></datafield><datafield ind1=" " ind2=" " tag="041"><subfield code="a">swe</subfield></datafield><datafield ind1=" " ind2=" " tag="042"><subfield code="9">NB</subfield></datafield><datafield ind1=" " ind2="4" tag="060"><subfield code="a">WL 141</subfield></datafield><datafield ind1="0" ind2="4" tag="082"><subfield code="a">616.80425</subfield><subfield code="2">22/swe</subfield></datafield><datafield ind1=" " ind2=" " tag="084"><subfield code="a">Vef</subfield><subfield code="2">kssb/8</subfield></datafield><datafield ind1="1" ind2=" " tag="100"><subfield code="a">Malm, Jan,</subfield><subfield code="d">1957-</subfield><subfield code="0">https://libris.kb.se/75kmpdlr1t6q3dk#it</subfield><subfield code="0">233873</subfield></datafield><datafield ind1="1" ind2="0" tag="245"><subfield code="a">Akut neurologi /</subfield><subfield code="c">[Jan Malm &amp; Lars Johan Liedholm].</subfield></datafield><datafield ind1=" " ind2=" " tag="250"><subfield code="a">8. uppl</subfield></datafield><datafield ind1=" " ind2="1" tag="264"><subfield code="a">Umeå :</subfield><subfield code="b">Kognitivus,</subfield><subfield code="c">2010</subfield></datafield><datafield ind1=" " ind2="3" tag="264"><subfield code="a">Stockholm :</subfield><subfield code="b">Instant Book</subfield></datafield><datafield ind1=" " ind2=" " tag="300"><subfield code="a">209 s.</subfield><subfield code="b">ill.</subfield><subfield code="c">21 cm</subfield></datafield><datafield ind1=" " ind2=" " tag="340"><subfield code="b">21 cm</subfield></datafield><datafield ind1=" " ind2="7" tag="650"><subfield code="a">Neurologi</subfield><subfield code="0">https://id.kb.se/term/sao/Neurologi</subfield><subfield code="2">sao</subfield><subfield code="0">155123</subfield></datafield><datafield ind1=" " ind2="7" tag="650"><subfield code="a">Nervsystemets sjukdomar</subfield><subfield code="0">https://id.kb.se/term/sao/Nervsystemets%20sjukdomar</subfield><subfield code="2">sao</subfield><subfield code="0">224405</subfield></datafield><datafield ind1=" " ind2="7" tag="650"><subfield code="a">Akutmedicin</subfield><subfield code="0">https://id.kb.se/term/sao/Akutmedicin</subfield><subfield code="2">sao</subfield><subfield code="0">139050</subfield></datafield><datafield ind1=" " ind2="2" tag="650"><subfield code="a">Nervous System Diseases</subfield></datafield><datafield ind1=" " ind2="2" tag="650"><subfield code="a">Neurologic examination</subfield></datafield><datafield ind1=" " ind2="2" tag="650"><subfield code="a">Acute Disease</subfield></datafield><datafield ind1=" " ind2="0" tag="650"><subfield code="a">Emergency medicine</subfield></datafield><datafield ind1=" " ind2="0" tag="650"><subfield code="a">Neurology</subfield></datafield><datafield ind1="1" ind2=" " tag="700"><subfield code="a">Liedholm, Lars Johan,</subfield><subfield code="d">1957-</subfield></datafield><datafield ind1=" " ind2=" " tag="887"><subfield code="a">{"@id":"2ldfxtkd2jjb9b6","modified":"2018-01-29T18:23:10+01:00","checksum":"84876289608"}</subfield><subfield code="2">librisxl</subfield></datafield><datafield ind1=" " ind2="s" tag="950"><subfield code="a">Neurologiska sjukdomar</subfield><subfield code="u">Nervsystemets sjukdomar</subfield></datafield><datafield ind1=" " ind2="s" tag="950"><subfield code="a">Nervsjukdomar</subfield><subfield code="u">Nervsystemets sjukdomar</subfield></datafield><datafield ind1=" " ind2="s" tag="950"><subfield code="a">Organiska nervsjukdomar</subfield><subfield code="u">Nervsystemets sjukdomar</subfield></datafield><datafield ind1=" " ind2="s" tag="950"><subfield code="w">||e</subfield><subfield code="a">Nervsystemet</subfield><subfield code="x">sjukdomar</subfield><subfield code="u">Nervsystemets sjukdomar</subfield></datafield><datafield ind1="0" ind2=" " tag="976"><subfield code="a">Vef</subfield><subfield code="b">Nervsystemet (neurologi)</subfield></datafield><datafield ind1=" " ind2=" " tag="841"><subfield code="5">Osts</subfield><subfield code="a">x  a</subfield><subfield code="b">191227||0000|||||000||||||000000</subfield><subfield code="e">u</subfield></datafield><datafield ind1=" " ind2=" " tag="852"><subfield code="5">Osts</subfield><subfield code="b">Osts</subfield></datafield><datafield ind1=" " ind2=" " tag="887"><subfield code="5">Osts</subfield><subfield code="a">{"@id":"0b1r9sm9x1hs7b6p","modified":"2019-12-27T11:55:31.275+01:00","checksum":"34988344893"}</subfield><subfield code="2">librisxl</subfield></datafield></record>
  <record xmlns="http://www.loc.gov/MARC21/slim" type="Bibliographic"><leader>     cam a        i 4500</leader><controlfield tag="001">22284443</controlfield><controlfield tag="003">SE-LIBR</controlfield><controlfield tag="005">20180530123420.0</controlfield><controlfield tag="008">180117s2017    sw |||||||||||000 0|swe|c</controlfield><datafield ind1=" " ind2=" " tag="020"><subfield code="a">9789163944710</subfield><subfield code="q">häftad</subfield></datafield><datafield ind1=" " ind2=" " tag="040"><subfield code="a">L</subfield><subfield code="b">swe</subfield><subfield code="d">S</subfield><subfield code="e">i</subfield><subfield code="e">rda</subfield></datafield><datafield ind1=" " ind2=" " tag="041"><subfield code="a">swe</subfield></datafield><datafield ind1=" " ind2=" " tag="042"><subfield code="9">NB</subfield></datafield><datafield ind1="0" ind2="4" tag="082"><subfield code="a">616.80425</subfield><subfield code="2">23/swe</subfield></datafield><datafield ind1=" " ind2=" " tag="084"><subfield code="a">Vef</subfield><subfield code="2">kssb/8 (machine generated)</subfield></datafield><datafield ind1="1" ind2=" " tag="100"><subfield code="a">Malm, Jan,</subfield><subfield code="d">1957-</subfield><subfield code="4">aut</subfield><subfield code="0">https://libris.kb.se/75kmpdlr1t6q3dk#it</subfield><subfield code="0">233873</subfield></datafield><datafield ind1="1" ind2="0" tag="245"><subfield code="a">Akut neurologi /</subfield><subfield code="c">Jan Malm &amp; Lars Johan Liedholm.</subfield></datafield><datafield ind1=" " ind2=" " tag="250"><subfield code="a">9:e upplagan</subfield></datafield><datafield ind1=" " ind2="1" tag="264"><subfield code="a">[Umeå] :</subfield><subfield code="b">Kognitivus HB,</subfield><subfield code="c">2017</subfield></datafield><datafield ind1=" " ind2="3" tag="264"><subfield code="c">2017</subfield></datafield><datafield ind1=" " ind2=" " tag="300"><subfield code="a">226 sidor</subfield><subfield code="b">illustrationer</subfield><subfield code="c">21 cm</subfield></datafield><datafield ind1=" " ind2=" " tag="336"><subfield code="a">text</subfield><subfield code="b">txt</subfield><subfield code="2">rdacontent</subfield></datafield><datafield ind1=" " ind2=" " tag="337"><subfield code="a">unmediated</subfield><subfield code="b">n</subfield><subfield code="2">rdamedia</subfield></datafield><datafield ind1=" " ind2=" " tag="338"><subfield code="a">volume</subfield><subfield code="b">nc</subfield><subfield code="2">rdacarrier</subfield></datafield><datafield ind1=" " ind2=" " tag="340"><subfield code="b">21 cm</subfield></datafield><datafield ind1=" " ind2="7" tag="650"><subfield code="a">Neurologi</subfield><subfield code="0">https://id.kb.se/term/sao/Neurologi</subfield><subfield code="2">sao</subfield><subfield code="0">155123</subfield></datafield><datafield ind1=" " ind2="7" tag="650"><subfield code="a">Nervsystemets sjukdomar</subfield><subfield code="0">https://id.kb.se/term/sao/Nervsystemets%20sjukdomar</subfield><subfield code="2">sao</subfield><subfield code="0">224405</subfield></datafield><datafield ind1=" " ind2="7" tag="650"><subfield code="a">Akutmedicin</subfield><subfield code="0">https://id.kb.se/term/sao/Akutmedicin</subfield><subfield code="2">sao</subfield><subfield code="0">139050</subfield></datafield><datafield ind1=" " ind2="2" tag="650"><subfield code="a">Nervous System Diseases</subfield></datafield><datafield ind1=" " ind2="2" tag="650"><subfield code="a">Neurologic examination</subfield></datafield><datafield ind1=" " ind2="2" tag="650"><subfield code="a">Acute Disease</subfield></datafield><datafield ind1=" " ind2="0" tag="650"><subfield code="a">Emergency medicine</subfield></datafield><datafield ind1=" " ind2="0" tag="650"><subfield code="a">Neurology</subfield></datafield><datafield ind1="1" ind2=" " tag="700"><subfield code="a">Liedholm, Lars Johan,</subfield><subfield code="d">1957-</subfield><subfield code="4">aut</subfield><subfield code="0">https://libris.kb.se/mkz2bdr5361sjmc#it</subfield><subfield code="0">411845</subfield></datafield><datafield ind1=" " ind2=" " tag="887"><subfield code="a">{"@id":"fzr7x37r31rzb6l","modified":"2018-05-30T12:34:20+02:00","checksum":"210601800003"}</subfield><subfield code="2">librisxl</subfield></datafield><datafield ind1=" " ind2="s" tag="950"><subfield code="a">Neurologiska sjukdomar</subfield><subfield code="u">Nervsystemets sjukdomar</subfield></datafield><datafield ind1=" " ind2="s" tag="950"><subfield code="a">Nervsjukdomar</subfield><subfield code="u">Nervsystemets sjukdomar</subfield></datafield><datafield ind1=" " ind2="s" tag="950"><subfield code="a">Organiska nervsjukdomar</subfield><subfield code="u">Nervsystemets sjukdomar</subfield></datafield><datafield ind1=" " ind2="s" tag="950"><subfield code="w">||e</subfield><subfield code="a">Nervsystemet</subfield><subfield code="x">sjukdomar</subfield><subfield code="u">Nervsystemets sjukdomar</subfield></datafield><datafield ind1=" " ind2=" " tag="841"><subfield code="5">Osts</subfield><subfield code="a">x  a</subfield><subfield code="b">191227||0000|||||000||||||000000</subfield><subfield code="e">u</subfield></datafield><datafield ind1=" " ind2=" " tag="852"><subfield code="5">Osts</subfield><subfield code="b">Osts</subfield></datafield><datafield ind1=" " ind2=" " tag="887"><subfield code="5">Osts</subfield><subfield code="a">{"@id":"jvk9tftdgbq31l91","modified":"2019-12-27T11:56:43.764+01:00","checksum":"11189516550"}</subfield><subfield code="2">librisxl</subfield></datafield></record>
  <record xmlns="http://www.loc.gov/MARC21/slim" type="Bibliographic"><leader>     cam a        a 4500</leader><controlfield tag="001">17238133</controlfield><controlfield tag="003">SE-LIBR</controlfield><controlfield tag="005">20191220113134.0</controlfield><controlfield tag="008">141210s2014    sw |||||||||||000 0|swe|c</controlfield><datafield ind1=" " ind2=" " tag="020"><subfield code="a">9789198007916</subfield></datafield><datafield ind1=" " ind2=" " tag="040"><subfield code="a">Ch</subfield><subfield code="b">swe</subfield><subfield code="d">LnuV</subfield><subfield code="d">S</subfield><subfield code="e">a</subfield></datafield><datafield ind1="1" ind2=" " tag="041"><subfield code="a">swe</subfield><subfield code="h">eng</subfield></datafield><datafield ind1=" " ind2=" " tag="042"><subfield code="9">NB</subfield></datafield><datafield ind1="0" ind2="4" tag="082"><subfield code="a">616.89075</subfield><subfield code="2">23/swe</subfield></datafield><datafield ind1=" " ind2=" " tag="084"><subfield code="a">Vla</subfield><subfield code="2">kssb/8</subfield></datafield><datafield ind1="1" ind2="0" tag="240"><subfield code="a">Desk reference to the diagnostic criteria from DSM-5.</subfield><subfield code="l">Svenska</subfield></datafield><datafield ind1="1" ind2="0" tag="245"><subfield code="a">Mini-D 5 :</subfield><subfield code="b">diagnostiska kriterier enligt DSM-5 /</subfield><subfield code="c">American Psychiatric Association ; [översättning till svenska av Jörgen Herlofson].</subfield></datafield><datafield ind1="1" ind2="0" tag="246"><subfield code="a">DSM-5</subfield></datafield><datafield ind1=" " ind2="1" tag="264"><subfield code="a">Stockholm :</subfield><subfield code="b">Pilgrim Press,</subfield><subfield code="c">2014</subfield></datafield><datafield ind1=" " ind2="3" tag="264"><subfield code="a">Halmstad :</subfield><subfield code="b">Bulls Graphics</subfield></datafield><datafield ind1=" " ind2=" " tag="300"><subfield code="a">374 s.</subfield><subfield code="c">20 cm</subfield></datafield><datafield ind1=" " ind2=" " tag="336"><subfield code="a">text</subfield><subfield code="b">txt</subfield><subfield code="2">rdacontent</subfield></datafield><datafield ind1=" " ind2=" " tag="337"><subfield code="a">unmediated</subfield><subfield code="b">n</subfield><subfield code="2">rdamedia</subfield></datafield><datafield ind1=" " ind2=" " tag="338"><subfield code="a">volume</subfield><subfield code="b">nc</subfield><subfield code="2">rdacarrier</subfield></datafield><datafield ind1=" " ind2=" " tag="340"><subfield code="b">20 cm</subfield></datafield><datafield ind1=" " ind2=" " tag="500"><subfield code="a">Förord: "Mini-D 5 är tänkt att användas i anslutning till den kompletta huvudmanualen för DSM-5."</subfield></datafield><datafield ind1=" " ind2=" " tag="500"><subfield code="a">3:e tr. 2017</subfield></datafield><datafield ind1=" " ind2="7" tag="650"><subfield code="a">Psykiska sjukdomar</subfield><subfield code="0">https://id.kb.se/term/sao/Psykiska%20sjukdomar</subfield><subfield code="2">sao</subfield><subfield code="0">157266</subfield></datafield><datafield ind1=" " ind2="7" tag="650"><subfield code="a">Diagnoser (medicin)</subfield><subfield code="0">https://id.kb.se/term/sao/Diagnoser%20%28medicin%29</subfield><subfield code="2">sao</subfield><subfield code="0">354807</subfield></datafield><datafield ind1=" " ind2="7" tag="650"><subfield code="a">Klassifikation</subfield><subfield code="0">https://id.kb.se/term/sao/Klassifikation</subfield><subfield code="2">sao</subfield><subfield code="0">266765</subfield></datafield><datafield ind1="1" ind2="2" tag="650"><subfield code="a">Mental Disorders</subfield><subfield code="x">classification</subfield></datafield><datafield ind1="1" ind2="2" tag="650"><subfield code="a">Mental Disorders</subfield><subfield code="x">diagnosis</subfield></datafield><datafield ind1=" " ind2="0" tag="650"><subfield code="a">Classification</subfield></datafield><datafield ind1=" " ind2="0" tag="650"><subfield code="a">Mental illness</subfield></datafield><datafield ind1=" " ind2="0" tag="650"><subfield code="a">Diagnosis</subfield></datafield><datafield ind1="1" ind2=" " tag="700"><subfield code="a">Herlofson, Jörgen,</subfield><subfield code="d">1948-</subfield><subfield code="4">trl</subfield><subfield code="0">https://libris.kb.se/nl039fm626x95m6#it</subfield><subfield code="0">357696</subfield></datafield><datafield ind1="2" ind2=" " tag="710"><subfield code="a">American Psychiatric Association</subfield><subfield code="4">aut</subfield></datafield><datafield ind1="0" ind2=" " tag="740"><subfield code="a">DSM-V</subfield></datafield><datafield ind1=" " ind2=" " tag="887"><subfield code="a">{"@id":"3mfncvwf10x0g9k","modified":"2019-12-20T11:31:34.476+01:00","checksum":"208662396110"}</subfield><subfield code="2">librisxl</subfield></datafield><datafield ind1=" " ind2="s" tag="950"><subfield code="a">Klassifikationssystem</subfield><subfield code="u">Klassifikation</subfield></datafield><datafield ind1=" " ind2="s" tag="950"><subfield code="a">Mentalsjukdomar</subfield><subfield code="u">Psykiska sjukdomar</subfield></datafield><datafield ind1=" " ind2="s" tag="950"><subfield code="a">Sinnessjukdomar</subfield><subfield code="u">Psykiska sjukdomar</subfield></datafield><datafield ind1=" " ind2="s" tag="950"><subfield code="a">Psykiska störningar</subfield><subfield code="u">Psykiska sjukdomar</subfield></datafield><datafield ind1=" " ind2="s" tag="950"><subfield code="a">Medicinska diagnoser</subfield><subfield code="u">Diagnoser (medicin)</subfield></datafield><datafield ind1="0" ind2=" " tag="976"><subfield code="a">Vla</subfield><subfield code="b">Psykiska sjukdomar</subfield></datafield><datafield ind1=" " ind2=" " tag="841"><subfield code="5">Osts</subfield><subfield code="a">x  a</subfield><subfield code="b">191227||0000|||||000||||||000000</subfield><subfield code="e">u</subfield></datafield><datafield ind1=" " ind2=" " tag="852"><subfield code="5">Osts</subfield><subfield code="b">Osts</subfield></datafield><datafield ind1=" " ind2=" " tag="887"><subfield code="5">Osts</subfield><subfield code="a">{"@id":"n0pf0nj0ls099k34","modified":"2019-12-27T11:58:19.6+01:00","checksum":"53808357754"}</subfield><subfield code="2">librisxl</subfield></datafield></record>
  <record xmlns="http://www.loc.gov/MARC21/slim" type="Bibliographic"><leader>     cam a          4500</leader><controlfield tag="001">8369587</controlfield><controlfield tag="003">SE-LIBR</controlfield><controlfield tag="005">20190612170551.0</controlfield><controlfield tag="008">020113s1989    sw |||||||||||000 0|swe| </controlfield><datafield ind1=" " ind2=" " tag="020"><subfield code="a">9170430063</subfield><subfield code="c">98:00</subfield></datafield><datafield ind1=" " ind2=" " tag="035"><subfield code="a">9170430063</subfield></datafield><datafield ind1=" " ind2=" " tag="040"><subfield code="a">NB</subfield></datafield><datafield ind1="1" ind2=" " tag="041"><subfield code="a">swe</subfield><subfield code="h">eng</subfield></datafield><datafield ind1=" " ind2=" " tag="042"><subfield code="9">NB</subfield><subfield code="9">SEE</subfield></datafield><datafield ind1=" " ind2="4" tag="060"><subfield code="a">WY 11</subfield></datafield><datafield ind1=" " ind2="4" tag="082"><subfield code="a">610.73</subfield><subfield code="2">23/swe</subfield></datafield><datafield ind1=" " ind2=" " tag="084"><subfield code="a">Vpg</subfield><subfield code="2">kssb/6</subfield></datafield><datafield ind1=" " ind2=" " tag="084"><subfield code="a">Vpf</subfield><subfield code="2">kssb/6</subfield></datafield><datafield ind1="1" ind2=" " tag="100"><subfield code="a">Nightingale, Florence,</subfield><subfield code="d">1820-1910.</subfield></datafield><datafield ind1="0" ind2="0" tag="245"><subfield code="a">Anteckningar om sjukvård :</subfield><subfield code="b">-ur vårt tidsperspektiv /</subfield><subfield code="c">Florence Nightingale ; [översättning till svenska: Elisabeth Krey-Halldin].</subfield></datafield><datafield ind1=" " ind2="0" tag="249"><subfield code="a">Notes on nursing :</subfield><subfield code="b">what it is and what it is not</subfield></datafield><datafield ind1=" " ind2=" " tag="250"><subfield code="a">Ny uppl., med tillägg</subfield><subfield code="b">förord ...: Rigmor Wendt</subfield></datafield><datafield ind1=" " ind2="1" tag="264"><subfield code="a">Skellefteå :</subfield><subfield code="b">Artemis ;</subfield><subfield code="a">Stockholm :</subfield><subfield code="b">Svenska hälso- och sjukvårdens tjänstemannaförb. (SHSTF,</subfield><subfield code="c">1989</subfield></datafield><datafield ind1=" " ind2="3" tag="264"><subfield code="a">Malmö :</subfield><subfield code="b">Team offset</subfield></datafield><datafield ind1=" " ind2=" " tag="300"><subfield code="a">141, [3] s.</subfield><subfield code="c">22 cm</subfield></datafield><datafield ind1=" " ind2=" " tag="340"><subfield code="b">22 cm</subfield></datafield><datafield ind1="1" ind2=" " tag="490"><subfield code="a">FoU-rapport / Vårdförbundet SHSTF,</subfield><subfield code="x">0349-1757 ;</subfield><subfield code="v">31</subfield></datafield><datafield ind1=" " ind2=" " tag="500"><subfield code="a">Föreg. uppl. utg. på Svenska sjuksköterskefören:s förl., 1954</subfield></datafield><datafield ind1=" " ind2=" " tag="500"><subfield code="a">Även tillg. med tryckår: 2. tr, 1994 ; 3. tr., 1996</subfield></datafield><datafield ind1="8" ind2=" " tag="505"><subfield code="a">S. 125-141: Utdrag ur bearb. version av: Florence Nightingales liv, hennes teori för omvårdnad samt praktisk tillämpning av teorin / Inga-Maj Pettersson, Hjördis Rooth Möller, Gerd Thylén-Nordström</subfield></datafield><datafield ind1=" " ind2="2" tag="650"><subfield code="a">History of nursing</subfield></datafield><datafield ind1="1" ind2=" " tag="700"><subfield code="a">Krey-Halldin, Elisabeth</subfield><subfield code="4">trl</subfield></datafield><datafield ind1="2" ind2=" " tag="710"><subfield code="a">Svenska hälso- och sjukvårdens tjänstemannaförbund</subfield><subfield code="e">unspecifiedContributor</subfield><subfield code="4">oth</subfield></datafield><datafield ind1=" " ind2="0" tag="830"><subfield code="a">FoU-rapport / Vårdförbundet SHSTF,</subfield><subfield code="x">0349-1757 ;</subfield><subfield code="v">31</subfield></datafield><datafield ind1=" " ind2="2" tag="976"><subfield code="a">Vpg</subfield><subfield code="b">Omvårdnad</subfield></datafield><datafield ind1=" " ind2="2" tag="976"><subfield code="a">Vpf</subfield><subfield code="b">Sjukvårdsarbete</subfield></datafield><datafield ind1=" " ind2=" " tag="887"><subfield code="a">{"@id":"wd6366r71v52jbz","modified":"2019-06-12T17:05:51.771+02:00","checksum":"79196152233"}</subfield><subfield code="2">librisxl</subfield></datafield><datafield ind1="0" ind2=" " tag="976"><subfield code="a">Vpg</subfield><subfield code="b">Omvårdnad</subfield></datafield><datafield ind1="0" ind2=" " tag="976"><subfield code="a">Vpf</subfield><subfield code="b">Sjukvårdsarbete</subfield></datafield><datafield ind1=" " ind2=" " tag="841"><subfield code="5">Osts</subfield><subfield code="a">x  a</subfield><subfield code="b">191227||0000|||||000||||||000000</subfield><subfield code="e">u</subfield></datafield><datafield ind1=" " ind2=" " tag="852"><subfield code="5">Osts</subfield><subfield code="b">Osts</subfield></datafield><datafield ind1=" " ind2=" " tag="887"><subfield code="5">Osts</subfield><subfield code="a">{"@id":"w7xncv3pt58453jz","modified":"2019-12-27T12:51:35.025+01:00","checksum":"54945131609"}</subfield><subfield code="2">librisxl</subfield></datafield></record>
  <record xmlns="http://www.loc.gov/MARC21/slim" type="Bibliographic"><leader>     cam a        a 4500</leader><controlfield tag="001">17038424</controlfield><controlfield tag="003">SE-LIBR</controlfield><controlfield tag="005">20180129182438.0</controlfield><controlfield tag="008">141015s2014    sw |||||||||||000 0|swe|d</controlfield><datafield ind1=" " ind2=" " tag="020"><subfield code="a">9789147114320</subfield><subfield code="q">inb.</subfield></datafield><datafield ind1=" " ind2=" " tag="035"><subfield code="a">(BOKR)9789147114320</subfield></datafield><datafield ind1=" " ind2=" " tag="040"><subfield code="a">BOKR</subfield><subfield code="d">S</subfield><subfield code="e">a</subfield></datafield><datafield ind1=" " ind2=" " tag="041"><subfield code="a">swe</subfield></datafield><datafield ind1=" " ind2=" " tag="042"><subfield code="9">NB</subfield></datafield><datafield ind1="0" ind2="4" tag="082"><subfield code="a">616.61</subfield><subfield code="2">23/swe</subfield></datafield><datafield ind1=" " ind2=" " tag="084"><subfield code="a">Vek</subfield><subfield code="2">kssb/8 (machine generated)</subfield></datafield><datafield ind1="1" ind2="0" tag="245"><subfield code="a">Njurmedicin /</subfield><subfield code="c">under redaktion av Mattias Aurell och Ola Samuelsson.</subfield></datafield><datafield ind1=" " ind2=" " tag="250"><subfield code="a">4. [omarb.] uppl.</subfield></datafield><datafield ind1=" " ind2="1" tag="264"><subfield code="a">Stockholm :</subfield><subfield code="b">Liber,</subfield><subfield code="c">2014</subfield></datafield><datafield ind1=" " ind2="3" tag="264"><subfield code="a">Kina</subfield></datafield><datafield ind1=" " ind2=" " tag="300"><subfield code="a">391 s.</subfield><subfield code="b">ill.</subfield><subfield code="c">25 cm</subfield></datafield><datafield ind1=" " ind2=" " tag="340"><subfield code="b">25 cm</subfield></datafield><datafield ind1=" " ind2=" " tag="599"><subfield code="a">Indexeringslänk</subfield></datafield><datafield ind1=" " ind2="7" tag="650"><subfield code="a">Njursjukdomar</subfield><subfield code="0">https://id.kb.se/term/sao/Njursjukdomar</subfield><subfield code="2">sao</subfield><subfield code="0">161629</subfield></datafield><datafield ind1=" " ind2="7" tag="650"><subfield code="a">Njurar</subfield><subfield code="x">fysiologiska aspekter</subfield><subfield code="2">sao</subfield></datafield><datafield ind1="1" ind2=" " tag="700"><subfield code="a">Aurell, Mattias,</subfield><subfield code="d">1934-</subfield><subfield code="4">edt</subfield><subfield code="0">https://libris.kb.se/tr58hdpc3x9gzcb#it</subfield><subfield code="0">379211</subfield></datafield><datafield ind1="1" ind2=" " tag="700"><subfield code="a">Samuelsson, Ola,</subfield><subfield code="d">1952-</subfield><subfield code="4">edt</subfield><subfield code="0">https://libris.kb.se/xv8clhsg51b994m#it</subfield><subfield code="0">379214</subfield></datafield><datafield ind1=" " ind2=" " tag="887"><subfield code="a">{"@id":"4ngp5h1g553xrpm","modified":"2018-01-29T18:24:38+01:00","checksum":"90670405974"}</subfield><subfield code="2">librisxl</subfield></datafield><datafield ind1=" " ind2="s" tag="950"><subfield code="a">Njurar</subfield><subfield code="x">sjukdomar</subfield><subfield code="u">Njursjukdomar</subfield></datafield><datafield ind1=" " ind2=" " tag="841"><subfield code="5">Osts</subfield><subfield code="a">x  a</subfield><subfield code="b">191227||0000|||||000||||||000000</subfield><subfield code="e">u</subfield></datafield><datafield ind1=" " ind2=" " tag="852"><subfield code="5">Osts</subfield><subfield code="b">Osts</subfield></datafield><datafield ind1=" " ind2=" " tag="887"><subfield code="5">Osts</subfield><subfield code="a">{"@id":"7k80pc8b55p8wvqd","modified":"2019-12-27T12:53:44.876+01:00","checksum":"21933854088"}</subfield><subfield code="2">librisxl</subfield></datafield></record>
  <record xmlns="http://www.loc.gov/MARC21/slim" type="Bibliographic"><leader>     cam a        a 4500</leader><controlfield tag="001">17841291</controlfield><controlfield tag="003">SE-LIBR</controlfield><controlfield tag="005">20161220170118.0</controlfield><controlfield tag="008">150413s2015    sw |||||||||||001 0|swe|c</controlfield><datafield ind1=" " ind2=" " tag="020"><subfield code="a">9789144089256</subfield></datafield><datafield ind1=" " ind2=" " tag="035"><subfield code="a">(BOKR)9789144089256</subfield></datafield><datafield ind1=" " ind2=" " tag="040"><subfield code="a">BOKR</subfield><subfield code="d">L</subfield><subfield code="d">S</subfield><subfield code="e">a</subfield></datafield><datafield ind1=" " ind2=" " tag="041"><subfield code="a">swe</subfield></datafield><datafield ind1=" " ind2=" " tag="042"><subfield code="9">NB</subfield></datafield><datafield ind1="1" ind2="4" tag="060"><subfield code="a">WJ 300</subfield></datafield><datafield ind1="0" ind2="4" tag="082"><subfield code="a">616.6106</subfield><subfield code="2">23/swe</subfield></datafield><datafield ind1=" " ind2=" " tag="084"><subfield code="a">Vek</subfield><subfield code="2">kssb/8 (machine generated)</subfield></datafield><datafield ind1="1" ind2="0" tag="245"><subfield code="a">Njursjukdom :</subfield><subfield code="b">teori och klinik /</subfield><subfield code="c">Naomi Clyne, Bengt Rippe (red.).</subfield></datafield><datafield ind1=" " ind2=" " tag="250"><subfield code="a">1. uppl.</subfield></datafield><datafield ind1=" " ind2="1" tag="264"><subfield code="a">Lund :</subfield><subfield code="b">Studentlitteratur,</subfield><subfield code="c">2015</subfield></datafield><datafield ind1=" " ind2="3" tag="264"><subfield code="a">Spanien</subfield></datafield><datafield ind1=" " ind2=" " tag="300"><subfield code="a">519 s.</subfield><subfield code="b">ill.</subfield><subfield code="c">25 cm</subfield></datafield><datafield ind1=" " ind2=" " tag="340"><subfield code="b">25 cm</subfield></datafield><datafield ind1=" " ind2=" " tag="599"><subfield code="a">Indexeringslänk</subfield></datafield><datafield ind1=" " ind2="7" tag="650"><subfield code="a">Nefrologi</subfield><subfield code="0">https://id.kb.se/term/sao/Nefrologi</subfield><subfield code="2">sao</subfield><subfield code="0">155080</subfield></datafield><datafield ind1=" " ind2="7" tag="650"><subfield code="a">Njursjukdomar</subfield><subfield code="x">behandling</subfield><subfield code="2">sao</subfield></datafield><datafield ind1=" " ind2="2" tag="650"><subfield code="a">Kidney Diseases</subfield></datafield><datafield ind1=" " ind2="2" tag="650"><subfield code="a">Nephrology</subfield></datafield><datafield ind1=" " ind2="0" tag="650"><subfield code="a">Nephrology</subfield></datafield><datafield ind1="1" ind2=" " tag="700"><subfield code="a">Clyne, Naomi,</subfield><subfield code="d">1953-</subfield><subfield code="4">edt</subfield><subfield code="0">https://libris.kb.se/53hlt0cp23vt447#it</subfield><subfield code="0">386721</subfield></datafield><datafield ind1="1" ind2=" " tag="700"><subfield code="a">Rippe, Bengt,</subfield><subfield code="d">1950-2016</subfield><subfield code="4">edt</subfield><subfield code="0">https://libris.kb.se/64jmv1dq4jbwjwc#it</subfield><subfield code="0">386722</subfield></datafield><datafield ind1=" " ind2=" " tag="887"><subfield code="a">{"@id":"cwpzcgbp1xkfhgd","modified":"2016-12-20T17:01:18+01:00","checksum":"79480109820"}</subfield><subfield code="2">librisxl</subfield></datafield><datafield ind1=" " ind2="s" tag="950"><subfield code="a">Njurmedicin</subfield><subfield code="u">Nefrologi</subfield></datafield><datafield ind1=" " ind2=" " tag="841"><subfield code="5">Osts</subfield><subfield code="a">x  a</subfield><subfield code="b">191227||0000|||||000||||||000000</subfield><subfield code="e">u</subfield></datafield><datafield ind1=" " ind2=" " tag="852"><subfield code="5">Osts</subfield><subfield code="b">Osts</subfield></datafield><datafield ind1=" " ind2=" " tag="887"><subfield code="5">Osts</subfield><subfield code="a">{"@id":"3f4vknz81pfbktfl","modified":"2019-12-27T12:59:58.433+01:00","checksum":"38525877825"}</subfield><subfield code="2">librisxl</subfield></datafield></record>
  <record xmlns="http://www.loc.gov/MARC21/slim" type="Bibliographic"><leader>     cam a        a 4500</leader><controlfield tag="001">11713829</controlfield><controlfield tag="003">SE-LIBR</controlfield><controlfield tag="005">20160315092453.0</controlfield><controlfield tag="008">091213s2010    sw |||||||||||000 0|swe| </controlfield><datafield ind1=" " ind2=" " tag="020"><subfield code="a">9789144054391</subfield></datafield><datafield ind1=" " ind2=" " tag="040"><subfield code="a">LGEN</subfield><subfield code="d">S</subfield><subfield code="e">a</subfield></datafield><datafield ind1=" " ind2=" " tag="041"><subfield code="a">swe</subfield></datafield><datafield ind1=" " ind2=" " tag="042"><subfield code="9">NB</subfield></datafield><datafield ind1=" " ind2="4" tag="060"><subfield code="a">W 84.7</subfield></datafield><datafield ind1="0" ind2="4" tag="082"><subfield code="a">610.7301</subfield><subfield code="2">22</subfield></datafield><datafield ind1=" " ind2=" " tag="084"><subfield code="a">Vpg</subfield><subfield code="2">kssb/8</subfield></datafield><datafield ind1="1" ind2="0" tag="245"><subfield code="a">Personcentrerad omvårdnad i teori och praktik /</subfield><subfield code="c">David Edvardsson (red.) ; [fackgranskning: Petra Lilja Andersson].</subfield></datafield><datafield ind1="1" ind2="8" tag="246"><subfield code="a">Personcentrerad omvårdnad</subfield></datafield><datafield ind1=" " ind2=" " tag="250"><subfield code="a">1. uppl.</subfield></datafield><datafield ind1=" " ind2="1" tag="264"><subfield code="a">Lund :</subfield><subfield code="b">Studentlitteratur,</subfield><subfield code="c">2010</subfield></datafield><datafield ind1=" " ind2="3" tag="264"><subfield code="a">Polen</subfield></datafield><datafield ind1=" " ind2=" " tag="300"><subfield code="a">136 s.</subfield><subfield code="c">23 cm</subfield></datafield><datafield ind1=" " ind2=" " tag="340"><subfield code="b">23 cm</subfield></datafield><datafield ind1=" " ind2=" " tag="500"><subfield code="a">2. tr., 2011; 4. tr., 2013</subfield></datafield><datafield ind1="8" ind2=" " tag="505"><subfield code="a">Upplevelse av identitet hos personer med demenssjukdom tolkat utifrån Harrés teori -- Personcentrerad omvårdnad - definition, mätskalor och hälsoeffekter -- Att samla in och använda livsberättelser - teorier och metoder -- Personcentrerad vård ur ett akutvårdsperspektiv -- Beteendeförändringar vid demenssjukdom - ett personcentrerat perspektiv -- Personcentrerad miljö -- Personcentrerat ledarskap -- Evidens och personcentrerad omvårdnad -- Palliativ vård - en form av personcentrerad vård -- Personcentrerad omvårdnad - exempel från Umeå kommun</subfield></datafield><datafield ind1=" " ind2="7" tag="650"><subfield code="a">Omvårdnadsteori</subfield><subfield code="0">https://id.kb.se/term/sao/Omv%C3%A5rdnadsteori</subfield><subfield code="2">sao</subfield><subfield code="0">228716</subfield></datafield><datafield ind1="1" ind2="2" tag="650"><subfield code="a">Patient-Centered Care</subfield></datafield><datafield ind1="2" ind2="2" tag="650"><subfield code="a">Nursing Care</subfield></datafield><datafield ind1="2" ind2="2" tag="650"><subfield code="a">Nursing Theory</subfield></datafield><datafield ind1="1" ind2=" " tag="700"><subfield code="a">Edvardsson, David</subfield><subfield code="4">edt</subfield></datafield><datafield ind1=" " ind2=" " tag="887"><subfield code="a">{"@id":"m5z02s9z1jzlwk5","modified":"2016-03-15T09:24:53+01:00","checksum":"29488432100"}</subfield><subfield code="2">librisxl</subfield></datafield><datafield ind1=" " ind2="s" tag="950"><subfield code="a">Omvårdnadsfilosofi</subfield><subfield code="u">Omvårdnadsteori</subfield></datafield><datafield ind1=" " ind2="s" tag="950"><subfield code="a">Vårdteori</subfield><subfield code="u">Omvårdnadsteori</subfield></datafield><datafield ind1=" " ind2="s" tag="950"><subfield code="a">Omvårdnad</subfield><subfield code="x">teori, filosofi</subfield><subfield code="u">Omvårdnadsteori</subfield></datafield><datafield ind1="0" ind2=" " tag="976"><subfield code="a">Vpg</subfield><subfield code="b">Omvårdnad</subfield></datafield><datafield ind1=" " ind2=" " tag="841"><subfield code="5">Osts</subfield><subfield code="a">x  a</subfield><subfield code="b">191227||0000|||||000||||||000000</subfield><subfield code="e">u</subfield></datafield><datafield ind1=" " ind2=" " tag="852"><subfield code="5">Osts</subfield><subfield code="b">Osts</subfield></datafield><datafield ind1=" " ind2=" " tag="887"><subfield code="5">Osts</subfield><subfield code="a">{"@id":"lxmc2gm8jkxpfzwr","modified":"2019-12-27T13:03:39.398+01:00","checksum":"34627998677"}</subfield><subfield code="2">librisxl</subfield></datafield></record>
  <record xmlns="http://www.loc.gov/MARC21/slim" type="Bibliographic"><leader>     cam a        a 4500</leader><controlfield tag="001">14862606</controlfield><controlfield tag="003">SE-LIBR</controlfield><controlfield tag="005">20160404140451.0</controlfield><controlfield tag="008">131218s2014    sw |||||||||||000 0|swe|c</controlfield><datafield ind1=" " ind2=" " tag="020"><subfield code="a">9789127136076</subfield></datafield><datafield ind1=" " ind2=" " tag="035"><subfield code="a">(BOKR)9789127136076</subfield></datafield><datafield ind1=" " ind2=" " tag="040"><subfield code="a">BOKR</subfield><subfield code="d">L</subfield><subfield code="d">S</subfield><subfield code="e">a</subfield></datafield><datafield ind1="1" ind2=" " tag="041"><subfield code="a">swe</subfield><subfield code="h">eng</subfield></datafield><datafield ind1=" " ind2=" " tag="042"><subfield code="9">NB</subfield></datafield><datafield ind1=" " ind2="4" tag="060"><subfield code="a">WM 425.5.C6</subfield></datafield><datafield ind1="0" ind2="4" tag="082"><subfield code="a">616.89147</subfield><subfield code="2">23/swe</subfield></datafield><datafield ind1=" " ind2=" " tag="084"><subfield code="a">Vlbdö</subfield><subfield code="2">kssb/8</subfield></datafield><datafield ind1="1" ind2=" " tag="100"><subfield code="a">Strosahl, Kirk,</subfield><subfield code="d">1950-</subfield><subfield code="0">https://libris.kb.se/khw060p32wxsp67#it</subfield><subfield code="0">375843</subfield></datafield><datafield ind1="1" ind2="0" tag="240"><subfield code="a">Brief interventions for radical change.</subfield><subfield code="l">Svenska</subfield></datafield><datafield ind1="1" ind2="0" tag="245"><subfield code="a">Fokuserad ACT /</subfield><subfield code="c">Kirk Strosahl, Patricia Robinson, Thomas Gustavsson ; översättning: Ola Jameson.</subfield></datafield><datafield ind1=" " ind2=" " tag="250"><subfield code="a">1. utg.</subfield></datafield><datafield ind1=" " ind2="1" tag="264"><subfield code="a">Stockholm :</subfield><subfield code="b">Natur &amp; kultur,</subfield><subfield code="c">2014</subfield></datafield><datafield ind1=" " ind2="3" tag="264"><subfield code="a">Lettland</subfield></datafield><datafield ind1=" " ind2=" " tag="300"><subfield code="a">309 s.</subfield><subfield code="b">ill.</subfield><subfield code="c">23 cm</subfield></datafield><datafield ind1=" " ind2=" " tag="340"><subfield code="b">23 cm</subfield></datafield><datafield ind1=" " ind2="7" tag="650"><subfield code="a">ACT</subfield><subfield code="0">https://id.kb.se/term/sao/ACT</subfield><subfield code="2">sao</subfield><subfield code="0">316072</subfield></datafield><datafield ind1=" " ind2="7" tag="650"><subfield code="a">Korttidsterapi</subfield><subfield code="0">https://id.kb.se/term/sao/Korttidsterapi</subfield><subfield code="2">sao</subfield><subfield code="0">384914</subfield></datafield><datafield ind1=" " ind2="2" tag="650"><subfield code="a">Acceptance and commitment therapy</subfield></datafield><datafield ind1=" " ind2="0" tag="650"><subfield code="a">Brief psychotherapy</subfield></datafield><datafield ind1=" " ind2="0" tag="650"><subfield code="a">Acceptance and commitment therapy</subfield><subfield code="0">(DLC)sh2006000684</subfield></datafield><datafield ind1="1" ind2=" " tag="700"><subfield code="a">Robinson, Patricia A.</subfield><subfield code="q">(Patricia Ann),</subfield><subfield code="d">1947-</subfield><subfield code="0">https://libris.kb.se/ljx171q455bhq3l#it</subfield><subfield code="0">375844</subfield></datafield><datafield ind1="1" ind2=" " tag="700"><subfield code="a">Gustavsson, Thomas,</subfield><subfield code="d">1968-</subfield><subfield code="0">https://libris.kb.se/tr58g80c1dpdsp9#it</subfield><subfield code="0">375881</subfield></datafield><datafield ind1=" " ind2=" " tag="887"><subfield code="a">{"@id":"vd6c6n661l85lmr","modified":"2016-04-04T14:04:51+02:00","checksum":"89954875876"}</subfield><subfield code="2">librisxl</subfield></datafield><datafield ind1="1" ind2="s" tag="900"><subfield code="a">Robinson, Patricia A.‏ ‎,</subfield><subfield code="c">Ph. D.‏</subfield><subfield code="u">Robinson, Patricia A.</subfield><subfield code="q">(Patricia Ann),</subfield><subfield code="d">1947-</subfield></datafield><datafield ind1="1" ind2="s" tag="900"><subfield code="a">Robinson, Pat,</subfield><subfield code="c">Ph. D.‏</subfield><subfield code="u">Robinson, Patricia A.</subfield><subfield code="q">(Patricia Ann),</subfield><subfield code="d">1947-</subfield></datafield><datafield ind1="1" ind2="s" tag="900"><subfield code="a">Robinson, Patricia Ann,</subfield><subfield code="d">1947-‏</subfield><subfield code="u">Robinson, Patricia A.</subfield><subfield code="q">(Patricia Ann),</subfield><subfield code="d">1947-</subfield></datafield><datafield ind1="1" ind2="s" tag="900"><subfield code="a">Robinson, Patricia,</subfield><subfield code="d">1947-‏</subfield><subfield code="u">Robinson, Patricia A.</subfield><subfield code="q">(Patricia Ann),</subfield><subfield code="d">1947-</subfield></datafield><datafield ind1=" " ind2="s" tag="950"><subfield code="a">Korttidspsykoterapi</subfield><subfield code="u">Korttidsterapi</subfield></datafield><datafield ind1=" " ind2="s" tag="950"><subfield code="a">Kortvarig psykoterapi</subfield><subfield code="u">Korttidsterapi</subfield></datafield><datafield ind1=" " ind2="s" tag="950"><subfield code="a">Tidsbegränsad psykoterapi</subfield><subfield code="u">Korttidsterapi</subfield></datafield><datafield ind1=" " ind2="s" tag="950"><subfield code="a">Acceptance and commitment therapy</subfield><subfield code="u">ACT</subfield></datafield><datafield ind1=" " ind2="s" tag="950"><subfield code="a">ACT-metoden</subfield><subfield code="u">ACT</subfield></datafield><datafield ind1=" " ind2="s" tag="950"><subfield code="a">ACT-terapi</subfield><subfield code="u">ACT</subfield></datafield><datafield ind1="0" ind2=" " tag="976"><subfield code="a">Vlbdö</subfield><subfield code="b">Övriga psykoterapeutiska metoder</subfield></datafield><datafield ind1=" " ind2=" " tag="841"><subfield code="5">Osts</subfield><subfield code="a">x  a</subfield><subfield code="b">191227||0000|||||000||||||000000</subfield><subfield code="e">u</subfield></datafield><datafield ind1=" " ind2=" " tag="852"><subfield code="5">Osts</subfield><subfield code="b">Osts</subfield></datafield><datafield ind1=" " ind2=" " tag="887"><subfield code="5">Osts</subfield><subfield code="a">{"@id":"t5vlb896r7qlhrgl","modified":"2019-12-27T13:11:29.824+01:00","checksum":"34582892085"}</subfield><subfield code="2">librisxl</subfield></datafield></record>
  <record xmlns="http://www.loc.gov/MARC21/slim" type="Bibliographic"><leader>     cam a        a 4500</leader><controlfield tag="001">11788045</controlfield><controlfield tag="003">SE-LIBR</controlfield><controlfield tag="005">20180130124130.0</controlfield><controlfield tag="008">100317s2010    sw |||||||||||000 0|swe|c</controlfield><datafield ind1=" " ind2=" " tag="020"><subfield code="a">9789144048833</subfield></datafield><datafield ind1=" " ind2=" " tag="040"><subfield code="a">LGEN</subfield><subfield code="d">S</subfield><subfield code="e">a</subfield></datafield><datafield ind1=" " ind2=" " tag="041"><subfield code="a">swe</subfield></datafield><datafield ind1=" " ind2=" " tag="042"><subfield code="9">NB</subfield></datafield><datafield ind1=" " ind2="4" tag="060"><subfield code="a">WV 140</subfield></datafield><datafield ind1="0" ind2="4" tag="082"><subfield code="a">617.51</subfield><subfield code="2">22</subfield></datafield><datafield ind1=" " ind2=" " tag="084"><subfield code="a">Vj</subfield><subfield code="2">kssb/8</subfield></datafield><datafield ind1="1" ind2="0" tag="245"><subfield code="a">ÖNH-handboken /</subfield><subfield code="c">redaktörer: Janne Friis-Liby, Anita Groth.</subfield></datafield><datafield ind1=" " ind2=" " tag="250"><subfield code="a">1. uppl.</subfield></datafield><datafield ind1=" " ind2="1" tag="264"><subfield code="a">Lund :</subfield><subfield code="b">Studentlitteratur,</subfield><subfield code="c">2010</subfield></datafield><datafield ind1=" " ind2="3" tag="264"><subfield code="a">Kristianstad :</subfield><subfield code="b">Kristianstads boktryckeri</subfield></datafield><datafield ind1=" " ind2=" " tag="300"><subfield code="a">362 s.</subfield><subfield code="b">ill.</subfield><subfield code="c">25 cm</subfield></datafield><datafield ind1=" " ind2=" " tag="340"><subfield code="b">25 cm</subfield></datafield><datafield ind1=" " ind2="7" tag="650"><subfield code="a">Öronsjukdomar</subfield><subfield code="0">https://id.kb.se/term/sao/%C3%96ronsjukdomar</subfield><subfield code="2">sao</subfield><subfield code="0">160983</subfield></datafield><datafield ind1=" " ind2="7" tag="650"><subfield code="a">Näsa</subfield><subfield code="0">https://id.kb.se/term/sao/N%C3%A4sa</subfield><subfield code="2">sao</subfield><subfield code="0">155570</subfield></datafield><datafield ind1=" " ind2="7" tag="650"><subfield code="a">Sjukdomar</subfield><subfield code="0">https://id.kb.se/term/sao/Sjukdomar</subfield><subfield code="2">sao</subfield><subfield code="0">165300</subfield></datafield><datafield ind1=" " ind2="2" tag="650"><subfield code="a">Primary Health Care</subfield></datafield><datafield ind1=" " ind2="2" tag="650"><subfield code="a">Otorhinolaryngologic Diseases</subfield><subfield code="x">diagnosis</subfield></datafield><datafield ind1=" " ind2="2" tag="650"><subfield code="a">Otorhinolaryngologic Diseases</subfield><subfield code="x">therapy</subfield></datafield><datafield ind1=" " ind2="0" tag="650"><subfield code="a">Nose</subfield></datafield><datafield ind1=" " ind2="0" tag="650"><subfield code="a">Diseases</subfield></datafield><datafield ind1=" " ind2="7" tag="655"><subfield code="a">Handböcker, manualer etc.</subfield><subfield code="0">https://id.kb.se/term/saogf/Handb%C3%B6cker%2C%20manualer%20etc.</subfield><subfield code="2">saogf</subfield><subfield code="0">353452</subfield></datafield><datafield ind1="1" ind2=" " tag="700"><subfield code="a">Friis-Liby, Janne,</subfield><subfield code="d">1953-</subfield><subfield code="4">edt</subfield></datafield><datafield ind1="1" ind2=" " tag="700"><subfield code="a">Groth, Anita,</subfield><subfield code="d">1946</subfield><subfield code="4">edt</subfield></datafield><datafield ind1="4" ind2="2" tag="856"><subfield code="u">http://www.studentlitteratur.se/32999</subfield><subfield code="z">Interaktivt webbmaterial</subfield></datafield><datafield ind1=" " ind2=" " tag="887"><subfield code="a">{"@id":"h1tv1dmt4rhm9z8","modified":"2018-01-30T12:41:30+01:00","checksum":"128904792818"}</subfield><subfield code="2">librisxl</subfield></datafield><datafield ind1=" " ind2="s" tag="950"><subfield code="a">Öron</subfield><subfield code="x">sjukdomar</subfield><subfield code="u">Öronsjukdomar</subfield></datafield><datafield ind1=" " ind2="s" tag="950"><subfield code="w">||e</subfield><subfield code="a">Näsan</subfield><subfield code="u">Näsa</subfield></datafield><datafield ind1=" " ind2="s" tag="950"><subfield code="a">Luktorgan</subfield><subfield code="u">Näsa</subfield></datafield><datafield ind1=" " ind2="s" tag="950"><subfield code="a">Sjukdomar</subfield><subfield code="x">människan</subfield><subfield code="u">Sjukdomar</subfield></datafield><datafield ind1=" " ind2="s" tag="955"><subfield code="a">Handböcker</subfield><subfield code="u">Handböcker, manualer etc.</subfield></datafield><datafield ind1=" " ind2="s" tag="955"><subfield code="a">Manualer</subfield><subfield code="u">Handböcker, manualer etc.</subfield></datafield><datafield ind1=" " ind2="s" tag="955"><subfield code="a">Praktiska handledningar</subfield><subfield code="u">Handböcker, manualer etc.</subfield></datafield><datafield ind1=" " ind2="s" tag="955"><subfield code="a">Vademecum</subfield><subfield code="u">Handböcker, manualer etc.</subfield></datafield><datafield ind1="0" ind2=" " tag="976"><subfield code="a">Vj</subfield><subfield code="b">Otorinolaryngologi</subfield></datafield><datafield ind1=" " ind2=" " tag="841"><subfield code="5">Osts</subfield><subfield code="a">x  a</subfield><subfield code="b">191227||0000|||||000||||||000000</subfield><subfield code="e">u</subfield></datafield><datafield ind1=" " ind2=" " tag="852"><subfield code="5">Osts</subfield><subfield code="b">Osts</subfield></datafield><datafield ind1=" " ind2=" " tag="887"><subfield code="5">Osts</subfield><subfield code="a">{"@id":"6j7zpv0j4nf6h5k7","modified":"2019-12-27T13:14:47.789+01:00","checksum":"27642713772"}</subfield><subfield code="2">librisxl</subfield></datafield></record>
  <record xmlns="http://www.loc.gov/MARC21/slim" type="Bibliographic"><leader>     cam a        a 4500</leader><controlfield tag="001">13917481</controlfield><controlfield tag="003">SE-LIBR</controlfield><controlfield tag="005">20160307123649.0</controlfield><controlfield tag="008">130222s2013    sw |||||||||||000 0|swe|c</controlfield><datafield ind1=" " ind2=" " tag="020"><subfield code="a">9789144073088</subfield></datafield><datafield ind1=" " ind2=" " tag="040"><subfield code="a">LGEN</subfield><subfield code="d">L</subfield><subfield code="d">Gm</subfield><subfield code="d">S</subfield><subfield code="e">a</subfield></datafield><datafield ind1="1" ind2=" " tag="041"><subfield code="a">swe</subfield><subfield code="h">eng</subfield></datafield><datafield ind1=" " ind2=" " tag="042"><subfield code="9">NB</subfield></datafield><datafield ind1=" " ind2="4" tag="060"><subfield code="a">WA 590</subfield></datafield><datafield ind1="0" ind2="4" tag="082"><subfield code="a">613</subfield><subfield code="2">23/swe</subfield></datafield><datafield ind1=" " ind2=" " tag="084"><subfield code="a">Vnaa</subfield><subfield code="2">kssb/8</subfield></datafield><datafield ind1="1" ind2=" " tag="100"><subfield code="a">Scriven, Angela</subfield></datafield><datafield ind1="1" ind2="0" tag="240"><subfield code="a">Promoting health.</subfield><subfield code="l">Svenska</subfield></datafield><datafield ind1="1" ind2="0" tag="245"><subfield code="a">Ewles &amp; Simnett Hälsoarbete /</subfield><subfield code="c">Angela Scriven ; översättning: Anders Schærström ; sakgranskning och bearbetning: Nina Buer.</subfield></datafield><datafield ind1="1" ind2="0" tag="246"><subfield code="a">Hälsoarbete</subfield></datafield><datafield ind1=" " ind2=" " tag="250"><subfield code="a">3., rev. uppl.</subfield></datafield><datafield ind1=" " ind2="1" tag="264"><subfield code="a">Lund :</subfield><subfield code="b">Studentlitteratur,</subfield><subfield code="c">2013</subfield></datafield><datafield ind1=" " ind2="3" tag="264"><subfield code="a">Polen</subfield></datafield><datafield ind1=" " ind2=" " tag="300"><subfield code="a">439 s.</subfield><subfield code="c">23 cm</subfield></datafield><datafield ind1=" " ind2=" " tag="340"><subfield code="b">23 cm</subfield></datafield><datafield ind1=" " ind2=" " tag="500"><subfield code="a">Tidigare utgåva av Linda Ewles och Ina Simnett, utgiven med titeln: Hälsoarbete</subfield></datafield><datafield ind1=" " ind2=" " tag="500"><subfield code="a">Orig:s titel i publikationen: Ewles &amp; Simnett Promoting health</subfield></datafield><datafield ind1=" " ind2="7" tag="650"><subfield code="a">Hälsofrämjande arbete</subfield><subfield code="0">https://id.kb.se/term/sao/H%C3%A4lsofr%C3%A4mjande%20arbete</subfield><subfield code="2">sao</subfield><subfield code="0">174353</subfield></datafield><datafield ind1=" " ind2="7" tag="650"><subfield code="a">Folkhälsa</subfield><subfield code="0">https://id.kb.se/term/sao/Folkh%C3%A4lsa</subfield><subfield code="2">sao</subfield><subfield code="0">145366</subfield></datafield><datafield ind1=" " ind2="2" tag="650"><subfield code="a">Health Education</subfield></datafield><datafield ind1="1" ind2="2" tag="650"><subfield code="a">Health Promotion</subfield><subfield code="x">methods</subfield></datafield><datafield ind1=" " ind2="0" tag="650"><subfield code="a">Health promotion</subfield></datafield><datafield ind1=" " ind2="0" tag="650"><subfield code="a">Public health</subfield></datafield><datafield ind1="1" ind2=" " tag="700"><subfield code="a">Schærström, Anders</subfield><subfield code="4">trl</subfield></datafield><datafield ind1="1" ind2=" " tag="710"><subfield code="a">Ewles, Linda</subfield></datafield><datafield ind1="1" ind2=" " tag="710"><subfield code="a">Simnett, Ina</subfield></datafield><datafield ind1=" " ind2=" " tag="887"><subfield code="a">{"@id":"p714vgw13kkthq5","modified":"2016-03-07T12:36:49+01:00","checksum":"73499844583"}</subfield><subfield code="2">librisxl</subfield></datafield><datafield ind1=" " ind2="s" tag="950"><subfield code="a">Hälsofrämjande åtgärder</subfield><subfield code="u">Hälsofrämjande arbete</subfield></datafield><datafield ind1=" " ind2="s" tag="950"><subfield code="a">Hälsopromotion</subfield><subfield code="u">Hälsofrämjande arbete</subfield></datafield><datafield ind1="0" ind2=" " tag="976"><subfield code="a">Vnaa</subfield><subfield code="b">Preventiv medicin (förebyggande medicin)</subfield></datafield><datafield ind1=" " ind2=" " tag="841"><subfield code="5">Osts</subfield><subfield code="a">x  a</subfield><subfield code="b">191227||0000|||||000||||||000000</subfield><subfield code="e">u</subfield></datafield><datafield ind1=" " ind2=" " tag="852"><subfield code="5">Osts</subfield><subfield code="b">Osts</subfield></datafield><datafield ind1=" " ind2=" " tag="887"><subfield code="5">Osts</subfield><subfield code="a">{"@id":"p1qgg2x9mt1xspp0","modified":"2019-12-27T14:58:29.741+01:00","checksum":"35956009593"}</subfield><subfield code="2">librisxl</subfield></datafield></record>
  <record xmlns="http://www.loc.gov/MARC21/slim" type="Bibliographic"><leader>     cam a        a 4500</leader><controlfield tag="001">19596876</controlfield><controlfield tag="003">SE-LIBR</controlfield><controlfield tag="005">20190129153925.0</controlfield><controlfield tag="008">160810s2016    sw |||||||||||000 0|swe|d</controlfield><datafield ind1=" " ind2=" " tag="020"><subfield code="a">9789144088860</subfield><subfield code="q">häftad</subfield></datafield><datafield ind1=" " ind2=" " tag="035"><subfield code="a">(BOKR)9789144088860</subfield></datafield><datafield ind1=" " ind2=" " tag="040"><subfield code="a">BOKR</subfield><subfield code="d">S</subfield><subfield code="e">a</subfield></datafield><datafield ind1=" " ind2=" " tag="041"><subfield code="a">swe</subfield></datafield><datafield ind1=" " ind2=" " tag="042"><subfield code="9">NB</subfield></datafield><datafield ind1="0" ind2="4" tag="082"><subfield code="a">610.73</subfield><subfield code="2">23/swe</subfield></datafield><datafield ind1=" " ind2=" " tag="084"><subfield code="a">Vf</subfield><subfield code="2">kssb/8</subfield></datafield><datafield ind1=" " ind2=" " tag="084"><subfield code="a">Vpg</subfield><subfield code="2">kssb/8</subfield></datafield><datafield ind1="1" ind2="0" tag="245"><subfield code="a">Omvårdnad &amp; kirurgi /</subfield><subfield code="c">Christine Kumlien, Jenny Rystedt (red.).</subfield></datafield><datafield ind1=" " ind2=" " tag="250"><subfield code="a">1. uppl.</subfield></datafield><datafield ind1=" " ind2="1" tag="264"><subfield code="a">Lund :</subfield><subfield code="b">Studentlitteratur,</subfield><subfield code="c">2016</subfield></datafield><datafield ind1=" " ind2="3" tag="264"><subfield code="a">Estland</subfield></datafield><datafield ind1=" " ind2=" " tag="300"><subfield code="a">534 s.</subfield><subfield code="b">ill.</subfield><subfield code="c">29 cm</subfield></datafield><datafield ind1=" " ind2=" " tag="340"><subfield code="b">29 cm</subfield></datafield><datafield ind1=" " ind2="7" tag="650"><subfield code="a">Omvårdnad</subfield><subfield code="0">https://id.kb.se/term/sao/Omv%C3%A5rdnad</subfield><subfield code="2">sao</subfield><subfield code="0">155807</subfield></datafield><datafield ind1=" " ind2="7" tag="650"><subfield code="a">Kirurgi</subfield><subfield code="0">https://id.kb.se/term/sao/Kirurgi</subfield><subfield code="2">sao</subfield><subfield code="0">150318</subfield></datafield><datafield ind1=" " ind2="2" tag="650"><subfield code="a">Patient Care Team</subfield></datafield><datafield ind1=" " ind2="2" tag="650"><subfield code="a">Nurse's Role</subfield></datafield><datafield ind1=" " ind2="2" tag="650"><subfield code="a">Nursing Care</subfield></datafield><datafield ind1=" " ind2="2" tag="650"><subfield code="a">General Surgery</subfield></datafield><datafield ind1=" " ind2="2" tag="650"><subfield code="a">Surgical Procedures, Operative</subfield><subfield code="x">nursing</subfield></datafield><datafield ind1=" " ind2="0" tag="650"><subfield code="a">Nursing</subfield></datafield><datafield ind1=" " ind2="0" tag="650"><subfield code="a">Surgery</subfield></datafield><datafield ind1=" " ind2="0" tag="650"><subfield code="a">Surgery, Operative</subfield></datafield><datafield ind1="1" ind2=" " tag="700"><subfield code="a">Kumlien, Christine,</subfield><subfield code="d">1961-</subfield><subfield code="4">edt</subfield><subfield code="0">https://libris.kb.se/xv8cl49g2pdknxd#it</subfield><subfield code="0">396764</subfield></datafield><datafield ind1="1" ind2=" " tag="700"><subfield code="a">Rystedt, Jenny,</subfield><subfield code="d">1971-</subfield><subfield code="4">edt</subfield><subfield code="0">https://libris.kb.se/zw9dm5bh020cfkj#it</subfield><subfield code="0">396765</subfield></datafield><datafield ind1="0" ind2=" " tag="740"><subfield code="a">Omvårdnad och kirurgi</subfield></datafield><datafield ind1=" " ind2=" " tag="887"><subfield code="a">{"@id":"vd6j10h64rsn8tq","modified":"2019-01-29T15:39:25.365+01:00","checksum":"105952501001"}</subfield><subfield code="2">librisxl</subfield></datafield><datafield ind1="1" ind2="s" tag="900"><subfield code="a">Lundmark Rystedt, Jenny,</subfield><subfield code="d">1971-</subfield><subfield code="u">Rystedt, Jenny,</subfield><subfield code="d">1971-</subfield></datafield><datafield ind1="1" ind2="s" tag="900"><subfield code="a">Wann-Hansson, Christine,</subfield><subfield code="d">1961-</subfield><subfield code="u">Kumlien, Christine,</subfield><subfield code="d">1961-</subfield></datafield><datafield ind1="1" ind2="s" tag="900"><subfield code="a">Hansson, Christine Wann,</subfield><subfield code="d">1961-</subfield><subfield code="u">Kumlien, Christine,</subfield><subfield code="d">1961-</subfield></datafield><datafield ind1=" " ind2="s" tag="950"><subfield code="a">Patienter</subfield><subfield code="x">omvårdnad</subfield><subfield code="u">Omvårdnad</subfield></datafield><datafield ind1=" " ind2="s" tag="950"><subfield code="a">Kirurgiska tekniker</subfield><subfield code="u">Kirurgi</subfield></datafield><datafield ind1="0" ind2=" " tag="976"><subfield code="a">Vf</subfield><subfield code="b">Kirurgi och anestesi</subfield></datafield><datafield ind1="0" ind2=" " tag="976"><subfield code="a">Vpg</subfield><subfield code="b">Omvårdnad</subfield></datafield><datafield ind1=" " ind2=" " tag="841"><subfield code="5">Osts</subfield><subfield code="a">x  a</subfield><subfield code="b">191227||0000|||||000||||||000000</subfield><subfield code="e">u</subfield></datafield><datafield ind1=" " ind2=" " tag="852"><subfield code="5">Osts</subfield><subfield code="b">Osts</subfield></datafield><datafield ind1=" " ind2=" " tag="887"><subfield code="5">Osts</subfield><subfield code="a">{"@id":"8l911xk96c3ppjjw","modified":"2019-12-27T15:02:34.024+01:00","checksum":"33949453791"}</subfield><subfield code="2">librisxl</subfield></datafield></record>
  <record xmlns="http://www.loc.gov/MARC21/slim" type="Bibliographic"><leader>     cam a        a 4500</leader><controlfield tag="001">11289941</controlfield><controlfield tag="003">SE-LIBR</controlfield><controlfield tag="005">20151118135013.0</controlfield><controlfield tag="008">090127s2009    sw |||||||||||000 0|swe|c</controlfield><datafield ind1=" " ind2=" " tag="020"><subfield code="a">9789147084814</subfield></datafield><datafield ind1=" " ind2=" " tag="040"><subfield code="a">LGEN</subfield><subfield code="d">Bthg</subfield><subfield code="d">S</subfield><subfield code="e">a</subfield></datafield><datafield ind1=" " ind2=" " tag="041"><subfield code="a">swe</subfield></datafield><datafield ind1=" " ind2=" " tag="042"><subfield code="9">NB</subfield></datafield><datafield ind1="0" ind2="4" tag="082"><subfield code="a">616.025</subfield><subfield code="2">22</subfield></datafield><datafield ind1=" " ind2=" " tag="084"><subfield code="a">Vpj</subfield><subfield code="2">kssb/8</subfield></datafield><datafield ind1="1" ind2="0" tag="245"><subfield code="a">Katastrofmedicin /</subfield><subfield code="c">Sten Lennquist (red.)  ; [illustrationer: Jakob Robertsson].</subfield></datafield><datafield ind1=" " ind2=" " tag="250"><subfield code="a">3., [omarb. och utvidgade] uppl.</subfield></datafield><datafield ind1=" " ind2="1" tag="264"><subfield code="a">Stockholm :</subfield><subfield code="b">Liber,</subfield><subfield code="c">2009</subfield></datafield><datafield ind1=" " ind2="3" tag="264"><subfield code="a">[Sverige] :</subfield><subfield code="b">Elanders</subfield></datafield><datafield ind1=" " ind2=" " tag="300"><subfield code="a">448 s.</subfield><subfield code="b">ill.</subfield><subfield code="c">25 cm</subfield></datafield><datafield ind1=" " ind2=" " tag="340"><subfield code="b">25 cm</subfield></datafield><datafield ind1=" " ind2="7" tag="650"><subfield code="a">Katastrofmedicin</subfield><subfield code="0">https://id.kb.se/term/sao/Katastrofmedicin</subfield><subfield code="2">sao</subfield><subfield code="0">150107</subfield></datafield><datafield ind1=" " ind2="2" tag="650"><subfield code="a">Disasters</subfield></datafield><datafield ind1=" " ind2="2" tag="650"><subfield code="a">Disaster Planning</subfield></datafield><datafield ind1=" " ind2="2" tag="650"><subfield code="a">Emergencies</subfield></datafield><datafield ind1=" " ind2="2" tag="650"><subfield code="a">Emergency Medical Services</subfield></datafield><datafield ind1=" " ind2="2" tag="650"><subfield code="a">Emergency Service, Hospital</subfield></datafield><datafield ind1=" " ind2="2" tag="650"><subfield code="a">Critical Care</subfield></datafield><datafield ind1=" " ind2="2" tag="650"><subfield code="a">Disaster Medicine</subfield></datafield><datafield ind1=" " ind2="0" tag="650"><subfield code="a">Disaster medicine</subfield></datafield><datafield ind1="1" ind2=" " tag="700"><subfield code="a">Lennquist, Sten,</subfield><subfield code="d">1937-</subfield><subfield code="4">edt</subfield><subfield code="0">https://libris.kb.se/vs68bvxd5r2vpl1#it</subfield><subfield code="0">229092</subfield></datafield><datafield ind1="4" ind2=" " tag="856"><subfield code="u">http://www.liber.se/productimage/large/4708481o.jpg</subfield><subfield code="z">Omslagsbild</subfield></datafield><datafield ind1=" " ind2=" " tag="887"><subfield code="a">{"@id":"1kcczhqc12k4d1d","modified":"2015-11-18T13:50:13+01:00","checksum":"33003559746"}</subfield><subfield code="2">librisxl</subfield></datafield><datafield ind1="0" ind2=" " tag="976"><subfield code="a">Vpj</subfield><subfield code="b">Akutvård</subfield></datafield><datafield ind1=" " ind2=" " tag="841"><subfield code="5">Osts</subfield><subfield code="a">x  a</subfield><subfield code="b">191227||0000|||||000||||||000000</subfield><subfield code="e">u</subfield></datafield><datafield ind1=" " ind2=" " tag="852"><subfield code="5">Osts</subfield><subfield code="b">Osts</subfield></datafield><datafield ind1=" " ind2=" " tag="887"><subfield code="5">Osts</subfield><subfield code="a">{"@id":"mzndfn3zkm6vvn6s","modified":"2019-12-27T15:07:35.801+01:00","checksum":"26594228661"}</subfield><subfield code="2">librisxl</subfield></datafield></record>
  <record xmlns="http://www.loc.gov/MARC21/slim" type="Bibliographic"><leader>     cam a       7i 4500</leader><controlfield tag="001">09vmtqs0x3l4l5dd</controlfield><controlfield tag="003">SE-LIBR</controlfield><controlfield tag="005">20200103114629.0</controlfield><controlfield tag="008">191114s2019    sw |||||||||||000 0|swe|d</controlfield><datafield ind1=" " ind2=" " tag="020"><subfield code="a">9789144126807</subfield><subfield code="q">häftad</subfield></datafield><datafield ind1=" " ind2=" " tag="035"><subfield code="a">(BOKR)9789144126807</subfield></datafield><datafield ind1=" " ind2=" " tag="035"><subfield code="a">(OCoLC)1127844364</subfield></datafield><datafield ind1=" " ind2=" " tag="040"><subfield code="a">BOKR</subfield><subfield code="b">swe</subfield><subfield code="d">Lsam</subfield><subfield code="e">i</subfield><subfield code="e">rda</subfield></datafield><datafield ind1=" " ind2=" " tag="041"><subfield code="a">swe</subfield></datafield><datafield ind1="0" ind2="4" tag="082"><subfield code="a">616.8588</subfield><subfield code="2">23/swe</subfield></datafield><datafield ind1=" " ind2=" " tag="084"><subfield code="a">Vle</subfield><subfield code="2">kssb/8</subfield></datafield><datafield ind1="1" ind2="0" tag="245"><subfield code="a">Handbok i barn- och ungdomspsykiatriskt utredningsarbete /</subfield><subfield code="c">Emma Edvinsson (red.).</subfield></datafield><datafield ind1=" " ind2="1" tag="264"><subfield code="a">Lund :</subfield><subfield code="b">Studentlitteratur,</subfield><subfield code="c">[2019]</subfield></datafield><datafield ind1=" " ind2="3" tag="264"><subfield code="b">Dimograf,</subfield><subfield code="c">2019</subfield></datafield><datafield ind1=" " ind2=" " tag="300"><subfield code="a">314 sidor</subfield></datafield><datafield ind1=" " ind2=" " tag="336"><subfield code="a">text</subfield><subfield code="b">txt</subfield><subfield code="2">rdacontent</subfield></datafield><datafield ind1=" " ind2=" " tag="337"><subfield code="a">unmediated</subfield><subfield code="b">n</subfield><subfield code="2">rdamedia</subfield></datafield><datafield ind1=" " ind2=" " tag="338"><subfield code="a">volume</subfield><subfield code="b">nc</subfield><subfield code="2">rdacarrier</subfield></datafield><datafield ind1=" " ind2=" " tag="520"><subfield code="a">Utredningar av barn och ungdomar med olika typer av psykiatriska svårigheter ställs i fokus i denna handbok. Hur genomförs en psykiatrisk utredning av ett barn eller en ungdom som verkar vara påverkad av utvecklingsproblematik? Hur kan utredare hitta bra samarbeten med barnet, föräldrar och skolpersonal under utredningen? Hur genomförs olika moment i utredningen? Vilka utreder och vem gör vad i utredningen? Hur presenteras utredningens resultat för barn i olika åldrar? Hur skrivs utredningsutlåtandet på ett effektivt och lustfyllt sätt? Hur går det att förhålla sig till den höga efterfrågan på utredningar? Hur kan vi förstå de typiska problem och dilemman sjukvården hamnar i när det gäller utredningsbehov?   Boken riktar sig till personer med olika yrkesbakgrunder som är eller i framtiden kommer att vara delaktiga i utredningar av barn eller ungdomar med utvecklingsproblematik. Den lämpar sig också för personer som inte är direkt delaktiga i sådana utredningar men som är nyfikna och vill få en överblick över dess olika delar.</subfield></datafield><datafield ind1=" " ind2="7" tag="650"><subfield code="a">Barnpsykiatri</subfield><subfield code="0">https://id.kb.se/term/sao/Barnpsykiatri</subfield><subfield code="2">sao</subfield><subfield code="0">140481</subfield></datafield><datafield ind1=" " ind2="7" tag="650"><subfield code="a">Ungdomspsykiatri</subfield><subfield code="0">https://id.kb.se/term/sao/Ungdomspsykiatri</subfield><subfield code="2">sao</subfield><subfield code="0">160284</subfield></datafield><datafield ind1=" " ind2="7" tag="650"><subfield code="a">Barn med utvecklingsstörning</subfield><subfield code="0">https://id.kb.se/term/sao/Barn%20med%20utvecklingsst%C3%B6rning</subfield><subfield code="2">sao</subfield><subfield code="0">224349</subfield></datafield><datafield ind1=" " ind2="7" tag="650"><subfield code="a">Ungdomar med utvecklingsstörning</subfield><subfield code="0">https://id.kb.se/term/sao/Ungdomar%20med%20utvecklingsst%C3%B6rning</subfield><subfield code="2">sao</subfield><subfield code="0">286515</subfield></datafield><datafield ind1=" " ind2="2" tag="650"><subfield code="a">Adolescent Psychiatry</subfield></datafield><datafield ind1=" " ind2="2" tag="650"><subfield code="a">Child Psychiatry</subfield></datafield><datafield ind1=" " ind2="2" tag="650"><subfield code="a">Developmental Disabilities</subfield><subfield code="x">diagnosis</subfield></datafield><datafield ind1=" " ind2="7" tag="650"><subfield code="a">Barnpsykiatri</subfield><subfield code="2">swemesh</subfield><subfield code="0">140481</subfield></datafield><datafield ind1=" " ind2="7" tag="650"><subfield code="a">Ungdomspsykiatri</subfield><subfield code="2">swemesh</subfield><subfield code="0">160284</subfield></datafield><datafield ind1=" " ind2="7" tag="650"><subfield code="a">Barn med funktionsvariation</subfield><subfield code="2">swemesh</subfield></datafield><datafield ind1=" " ind2="7" tag="650"><subfield code="a">Diagnos</subfield><subfield code="2">swemesh</subfield></datafield><datafield ind1=" " ind2="0" tag="650"><subfield code="a">Child psychiatry</subfield></datafield><datafield ind1=" " ind2="0" tag="650"><subfield code="a">Children with mental disabilities</subfield></datafield><datafield ind1=" " ind2="0" tag="650"><subfield code="a">Adolescent psychiatry</subfield></datafield><datafield ind1="1" ind2=" " tag="700"><subfield code="a">Edvinsson, Emma</subfield><subfield code="4">edt</subfield></datafield><datafield ind1=" " ind2=" " tag="887"><subfield code="a">{"@id":"09vmtqs0x3l4l5dd","modified":"2020-01-03T11:46:29.559+01:00","checksum":"199698768881"}</subfield><subfield code="2">librisxl</subfield></datafield><datafield ind1=" " ind2="s" tag="950"><subfield code="a">Barn- och ungdomspsykiatri</subfield><subfield code="u">Barnpsykiatri</subfield></datafield><datafield ind1=" " ind2="s" tag="950"><subfield code="a">Skolpsykiatri</subfield><subfield code="u">Barnpsykiatri</subfield></datafield><datafield ind1=" " ind2="s" tag="950"><subfield code="a">Utvecklingsstörda barn</subfield><subfield code="u">Barn med utvecklingsstörning</subfield></datafield><datafield ind1=" " ind2="s" tag="950"><subfield code="a">Utvecklingsstörda ungdomar</subfield><subfield code="u">Ungdomar med utvecklingsstörning</subfield></datafield><datafield ind1=" " ind2="s" tag="950"><subfield code="a">Barn- och ungdomspsykiatri</subfield><subfield code="u">Ungdomspsykiatri</subfield></datafield><datafield ind1="0" ind2=" " tag="976"><subfield code="a">Vle</subfield><subfield code="b">Barnpsykiatri och ungdomspsykiatri</subfield></datafield><datafield ind1=" " ind2=" " tag="841"><subfield code="5">Osts</subfield><subfield code="a">x  a</subfield><subfield code="b">191213||0000|||||000||||||000000</subfield><subfield code="e">u</subfield></datafield><datafield ind1=" " ind2=" " tag="852"><subfield code="5">Osts</subfield><subfield code="b">Osts</subfield></datafield><datafield ind1=" " ind2=" " tag="887"><subfield code="5">Osts</subfield><subfield code="a">{"@id":"6j6923mv4rhgz6d2","modified":"2019-12-13T14:16:17.168+01:00","checksum":"64809761324"}</subfield><subfield code="2">librisxl</subfield></datafield></record>
  <record xmlns="http://www.loc.gov/MARC21/slim" type="Bibliographic"><leader>     cam a        a 4500</leader><controlfield tag="001">19088153</controlfield><controlfield tag="003">SE-LIBR</controlfield><controlfield tag="005">20200102082434.0</controlfield><controlfield tag="008">160116s2016    sw |||||||||||000 0|swe|c</controlfield><datafield ind1=" " ind2=" " tag="020"><subfield code="a">9789127141469</subfield><subfield code="q">flexband</subfield></datafield><datafield ind1=" " ind2=" " tag="035"><subfield code="a">(BOKR)9789127141469</subfield></datafield><datafield ind1=" " ind2=" " tag="040"><subfield code="a">BOKR</subfield><subfield code="d">Uas</subfield><subfield code="d">S</subfield><subfield code="e">a</subfield></datafield><datafield ind1=" " ind2=" " tag="041"><subfield code="a">swe</subfield></datafield><datafield ind1=" " ind2=" " tag="042"><subfield code="9">NB</subfield></datafield><datafield ind1="0" ind2="4" tag="082"><subfield code="a">610.73069</subfield><subfield code="2">23/swe</subfield></datafield><datafield ind1=" " ind2=" " tag="084"><subfield code="a">Vpg</subfield><subfield code="2">kssb/8</subfield></datafield><datafield ind1=" " ind2=" " tag="084"><subfield code="a">Vpd</subfield><subfield code="2">kssb/8</subfield></datafield><datafield ind1="1" ind2=" " tag="100"><subfield code="a">Forsberg, Anna,</subfield><subfield code="d">1969-</subfield><subfield code="4">aut</subfield><subfield code="0">https://libris.kb.se/dbqsv1mx5kw22zd#it</subfield><subfield code="0">219358</subfield></datafield><datafield ind1="1" ind2="0" tag="245"><subfield code="a">Omvårdnad på akademisk grund :</subfield><subfield code="b">att utvecklas och ta ansvar /</subfield><subfield code="c">Anna Forsberg.</subfield></datafield><datafield ind1=" " ind2=" " tag="250"><subfield code="a">1. utg.</subfield></datafield><datafield ind1=" " ind2="1" tag="264"><subfield code="a">Stockholm :</subfield><subfield code="b">Natur &amp; kultur,</subfield><subfield code="c">2016</subfield></datafield><datafield ind1=" " ind2="3" tag="264"><subfield code="a">Lettland</subfield></datafield><datafield ind1=" " ind2=" " tag="300"><subfield code="a">176 s.</subfield><subfield code="c">24 cm</subfield></datafield><datafield ind1=" " ind2=" " tag="340"><subfield code="b">24 cm</subfield></datafield><datafield ind1=" " ind2="7" tag="650"><subfield code="a">Omvårdnad</subfield><subfield code="0">https://id.kb.se/term/sao/Omv%C3%A5rdnad</subfield><subfield code="2">sao</subfield><subfield code="0">155807</subfield></datafield><datafield ind1=" " ind2="7" tag="650"><subfield code="a">Sjuksköterskor</subfield><subfield code="0">https://id.kb.se/term/sao/Sjuksk%C3%B6terskor</subfield><subfield code="2">sao</subfield><subfield code="0">165337</subfield></datafield><datafield ind1=" " ind2="2" tag="650"><subfield code="a">Nursing Care</subfield></datafield><datafield ind1=" " ind2="2" tag="650"><subfield code="a">Health Personnel</subfield></datafield><datafield ind1=" " ind2="2" tag="650"><subfield code="a">Nurse's Role</subfield></datafield><datafield ind1=" " ind2="0" tag="650"><subfield code="a">Nurses</subfield></datafield><datafield ind1=" " ind2="0" tag="650"><subfield code="a">Nursing</subfield></datafield><datafield ind1=" " ind2=" " tag="887"><subfield code="a">{"@id":"fzr3zqsr0chnr6q","modified":"2020-01-02T08:24:34.905+01:00","checksum":"54453439339"}</subfield><subfield code="2">librisxl</subfield></datafield><datafield ind1=" " ind2="s" tag="950"><subfield code="a">Patienter</subfield><subfield code="x">omvårdnad</subfield><subfield code="u">Omvårdnad</subfield></datafield><datafield ind1="0" ind2=" " tag="976"><subfield code="a">Vpg</subfield><subfield code="b">Omvårdnad</subfield></datafield><datafield ind1="0" ind2=" " tag="976"><subfield code="a">Vpd</subfield><subfield code="b">Sjukvårdspersonal</subfield></datafield><datafield ind1=" " ind2=" " tag="841"><subfield code="5">Osts</subfield><subfield code="a">x  a</subfield><subfield code="b">190925||0000|||||000||||||000000</subfield><subfield code="e">u</subfield></datafield><datafield ind1=" " ind2=" " tag="852"><subfield code="5">Osts</subfield><subfield code="b">Osts</subfield></datafield><datafield ind1=" " ind2=" " tag="887"><subfield code="5">Osts</subfield><subfield code="a">{"@id":"6hvzbv1h4b7hmn29","modified":"2019-09-25T16:16:18.641+02:00","checksum":"2504929045"}</subfield><subfield code="2">librisxl</subfield></datafield></record>
  <record xmlns="http://www.loc.gov/MARC21/slim" type="Bibliographic"><leader>     cam a        i 4500</leader><controlfield tag="001">z8qdn8nxwcgtxzcs</controlfield><controlfield tag="003">SE-LIBR</controlfield><controlfield tag="005">20200102091711.0</controlfield><controlfield tag="008">191018s2019    sw |||||||||||000 0|swe|d</controlfield><datafield ind1=" " ind2=" " tag="020"><subfield code="a">9789144131979</subfield><subfield code="q">häftad</subfield></datafield><datafield ind1=" " ind2=" " tag="035"><subfield code="a">(BOKR)9789144131979</subfield></datafield><datafield ind1=" " ind2=" " tag="035"><subfield code="a">(OCoLC)1124558092</subfield></datafield><datafield ind1=" " ind2=" " tag="040"><subfield code="a">BOKR</subfield><subfield code="b">swe</subfield><subfield code="d">Ssb</subfield><subfield code="d">S</subfield><subfield code="e">i</subfield><subfield code="e">rda</subfield></datafield><datafield ind1=" " ind2=" " tag="041"><subfield code="a">swe</subfield></datafield><datafield ind1=" " ind2=" " tag="042"><subfield code="9">NB</subfield></datafield><datafield ind1="0" ind2="4" tag="082"><subfield code="a">610.730711</subfield><subfield code="2">23/swe</subfield></datafield><datafield ind1=" " ind2=" " tag="084"><subfield code="a">Vpg</subfield><subfield code="2">kssb/8</subfield></datafield><datafield ind1="1" ind2="0" tag="245"><subfield code="a">Reflektion i lärande och vård  :</subfield><subfield code="b">en utmaning för sjuksköterskan /</subfield><subfield code="c">Mia Berglund, Margaretha Ekebergh (red.).</subfield></datafield><datafield ind1=" " ind2=" " tag="250"><subfield code="a">Andra upplagan</subfield></datafield><datafield ind1=" " ind2="1" tag="264"><subfield code="a">Lund :</subfield><subfield code="b">Studentlitteratur,</subfield><subfield code="c">[2019]</subfield></datafield><datafield ind1=" " ind2="3" tag="264"><subfield code="c">2019</subfield></datafield><datafield ind1=" " ind2=" " tag="300"><subfield code="a">360 sidor</subfield><subfield code="b">illustrationer</subfield><subfield code="c">23 cm</subfield></datafield><datafield ind1=" " ind2=" " tag="336"><subfield code="a">text</subfield><subfield code="b">txt</subfield><subfield code="2">rdacontent</subfield></datafield><datafield ind1=" " ind2=" " tag="337"><subfield code="a">unmediated</subfield><subfield code="b">n</subfield><subfield code="2">rdamedia</subfield></datafield><datafield ind1=" " ind2=" " tag="338"><subfield code="a">volume</subfield><subfield code="b">nc</subfield><subfield code="2">rdacarrier</subfield></datafield><datafield ind1=" " ind2=" " tag="340"><subfield code="b">23 cm</subfield></datafield><datafield ind1=" " ind2="7" tag="650"><subfield code="a">Sjuksköterskeutbildning</subfield><subfield code="0">https://id.kb.se/term/sao/Sjuksk%C3%B6terskeutbildning</subfield><subfield code="2">sao</subfield><subfield code="0">165333</subfield></datafield><datafield ind1=" " ind2="7" tag="650"><subfield code="a">Patientundervisning</subfield><subfield code="0">https://id.kb.se/term/sao/Patientundervisning</subfield><subfield code="2">sao</subfield><subfield code="0">156422</subfield></datafield><datafield ind1=" " ind2="7" tag="650"><subfield code="a">Omvårdnadsforskning</subfield><subfield code="0">https://id.kb.se/term/sao/Omv%C3%A5rdnadsforskning</subfield><subfield code="2">sao</subfield><subfield code="0">155808</subfield></datafield><datafield ind1=" " ind2="7" tag="650"><subfield code="a">Reflexion (filosofi)</subfield><subfield code="0">https://id.kb.se/term/sao/Reflexion%20%28filosofi%29</subfield><subfield code="2">sao</subfield><subfield code="0">280405</subfield></datafield><datafield ind1=" " ind2="7" tag="650"><subfield code="a">Yrkesroller</subfield><subfield code="0">https://id.kb.se/term/sao/Yrkesroller</subfield><subfield code="2">sao</subfield><subfield code="0">160656</subfield></datafield><datafield ind1=" " ind2="2" tag="650"><subfield code="a">Students, Nursing</subfield></datafield><datafield ind1=" " ind2="2" tag="650"><subfield code="a">Education, Nursing, Baccalaureate</subfield></datafield><datafield ind1=" " ind2="2" tag="650"><subfield code="a">Learning</subfield></datafield><datafield ind1=" " ind2="2" tag="650"><subfield code="a">Professional-Patient Relations</subfield></datafield><datafield ind1=" " ind2="7" tag="650"><subfield code="a">Inlärning</subfield><subfield code="2">swemesh</subfield></datafield><datafield ind1=" " ind2="7" tag="650"><subfield code="a">Sjuksköterskestuderande</subfield><subfield code="2">swemesh</subfield></datafield><datafield ind1=" " ind2="0" tag="650"><subfield code="a">Reflection (Philosophy)</subfield></datafield><datafield ind1=" " ind2="0" tag="650"><subfield code="a">Nursing ¡ Study and teaching</subfield></datafield><datafield ind1="1" ind2=" " tag="700"><subfield code="a">Berglund, Mia,</subfield><subfield code="d">1964-</subfield><subfield code="4">edt</subfield><subfield code="0">https://libris.kb.se/kwm1s1d7hhnm5ncq#it</subfield><subfield code="0">kwm1s1d7hhnm5ncq</subfield></datafield><datafield ind1="1" ind2=" " tag="700"><subfield code="a">Ekebergh, Margaretha,</subfield><subfield code="d">1950-</subfield><subfield code="4">edt</subfield><subfield code="0">https://libris.kb.se/64jmv39q1ds7ccs#it</subfield><subfield code="0">388432</subfield></datafield><datafield ind1=" " ind2=" " tag="887"><subfield code="a">{"@id":"z8qdn8nxwcgtxzcs","modified":"2020-01-02T09:17:11.359+01:00","checksum":"238279498319"}</subfield><subfield code="2">librisxl</subfield></datafield><datafield ind1=" " ind2="s" tag="950"><subfield code="a">Reflektion (filosofi)</subfield><subfield code="u">Reflexion (filosofi)</subfield></datafield><datafield ind1=" " ind2="s" tag="950"><subfield code="a">Vårdforskning</subfield><subfield code="u">Omvårdnadsforskning</subfield></datafield><datafield ind1=" " ind2="s" tag="950"><subfield code="a">Vårdvetenskap</subfield><subfield code="u">Omvårdnadsforskning</subfield></datafield><datafield ind1=" " ind2="s" tag="950"><subfield code="a">Yrkesidentitet</subfield><subfield code="u">Yrkesroller</subfield></datafield><datafield ind1=" " ind2="s" tag="950"><subfield code="a">Patientutbildning</subfield><subfield code="u">Patientundervisning</subfield></datafield><datafield ind1="0" ind2=" " tag="976"><subfield code="a">Vpg</subfield><subfield code="b">Omvårdnad</subfield></datafield><datafield ind1=" " ind2=" " tag="841"><subfield code="5">Osts</subfield><subfield code="a">x  a</subfield><subfield code="b">191108||0000|||||000||||||000000</subfield><subfield code="e">u</subfield></datafield><datafield ind1=" " ind2=" " tag="852"><subfield code="5">Osts</subfield><subfield code="b">Osts</subfield></datafield><datafield ind1=" " ind2=" " tag="887"><subfield code="5">Osts</subfield><subfield code="a">{"@id":"9l581rbm77bfdshv","modified":"2019-11-08T16:16:15.075+01:00","checksum":"44343501634"}</subfield><subfield code="2">librisxl</subfield></datafield></record>
  <record xmlns="http://www.loc.gov/MARC21/slim" type="Bibliographic"><leader>     cam a       7i 4500</leader><controlfield tag="001">7j3rjc6b56hb819m</controlfield><controlfield tag="003">SE-LIBR</controlfield><controlfield tag="005">20200109115540.0</controlfield><controlfield tag="008">191113s2019    sw |||||||||||000 0|swe|d</controlfield><datafield ind1=" " ind2=" " tag="020"><subfield code="a">9789144128054</subfield><subfield code="q">kartonnage</subfield></datafield><datafield ind1=" " ind2=" " tag="035"><subfield code="a">(BOKR)9789144128054</subfield></datafield><datafield ind1=" " ind2=" " tag="040"><subfield code="a">BOKR</subfield><subfield code="b">swe</subfield><subfield code="d">Ssb</subfield><subfield code="e">i</subfield><subfield code="e">rda</subfield></datafield><datafield ind1=" " ind2=" " tag="041"><subfield code="a">swe</subfield></datafield><datafield ind1="0" ind2="4" tag="082"><subfield code="a">616.8</subfield><subfield code="2">23/swe</subfield></datafield><datafield ind1=" " ind2=" " tag="084"><subfield code="a">Vef</subfield><subfield code="2">kssb/8</subfield></datafield><datafield ind1="1" ind2=" " tag="100"><subfield code="a">Levi, Richard,</subfield><subfield code="d">1958-</subfield><subfield code="4">aut</subfield><subfield code="0">https://libris.kb.se/1zcgmlzk3frg1b3#it</subfield><subfield code="0">325277</subfield></datafield><datafield ind1="1" ind2="0" tag="245"><subfield code="a">Introduktion till neurologisk rehabilitering /</subfield><subfield code="c">Richard Levi, Per Ertzgaard.</subfield></datafield><datafield ind1=" " ind2=" " tag="250"><subfield code="a">Upplaga 1</subfield></datafield><datafield ind1=" " ind2="1" tag="264"><subfield code="a">Lund :</subfield><subfield code="b">Studentlitteratur ,</subfield><subfield code="c">[2019]</subfield></datafield><datafield ind1=" " ind2="3" tag="264"><subfield code="c">2019</subfield></datafield><datafield ind1=" " ind2=" " tag="300"><subfield code="a">322 sidor</subfield><subfield code="c">26 cm</subfield></datafield><datafield ind1=" " ind2=" " tag="336"><subfield code="a">text</subfield><subfield code="b">txt</subfield><subfield code="2">rdacontent</subfield></datafield><datafield ind1=" " ind2=" " tag="337"><subfield code="a">unmediated</subfield><subfield code="b">n</subfield><subfield code="2">rdamedia</subfield></datafield><datafield ind1=" " ind2=" " tag="338"><subfield code="a">volume</subfield><subfield code="b">nc</subfield><subfield code="2">rdacarrier</subfield></datafield><datafield ind1=" " ind2=" " tag="340"><subfield code="b">26 cm</subfield></datafield><datafield ind1=" " ind2=" " tag="520"><subfield code="a">Neurologiska sjukdomar utgör tillsammans med traumatiska skador på hjärna och ryggmärg en stor och heterogen grupp av tillstånd, som involverar ett flertal medicinska specialiteter. Rehabiliteringsmedicinsk intervention är nödvändig om tillståndet medför komplexa funktionsstörningar.   Denna bok är en introduktion och handledning i neurologisk rehabilitering. Bokens första, allmänna del beskriver grundläggande principer, rehabiliteringens processer i relation till sjukvården i övrigt och allmänt om metoder för intervention. I bokens andra del belyses specifika funktionsstörningar och komplikationer som inte är direkt diagnosbundna. I bokens avslutande del presenteras de vanligaste diagnoserna inom neurologisk rehabilitering och principerna för deras omhändertagande. Sammantaget ger boken en ökad insikt och förståelse i hur man i praktiken kan arbeta för att så långt som möjligt understödja patientens återerövrande av vilja, förmåga och funktion att kunna leva ett så aktivt och meningsfullt liv som möjligt efter svår skada eller sjukdom.   Neurologisk rehabilitering är värdefull inte enbart för blivande rehabiliteringsläkare, utan även för de många kollegor som arbetar med neurologiska tillstånd, exempelvis neurologer, neurokirurger, allmänläkare och geriatriker. Förhoppningen är även att patienter och närstående, liksom personer som arbetar i de myndigheter som berörs kan ha nytta av boken.</subfield></datafield><datafield ind1=" " ind2="7" tag="650"><subfield code="a">Neurologi</subfield><subfield code="0">https://id.kb.se/term/sao/Neurologi</subfield><subfield code="2">sao</subfield><subfield code="0">155123</subfield></datafield><datafield ind1=" " ind2="7" tag="650"><subfield code="a">Rehabilitering</subfield><subfield code="0">https://id.kb.se/term/sao/Rehabilitering</subfield><subfield code="2">sao</subfield><subfield code="0">161715</subfield></datafield><datafield ind1=" " ind2="7" tag="650"><subfield code="a">Neurologisk rehabilitering</subfield><subfield code="2">swemesh</subfield></datafield><datafield ind1=" " ind2="0" tag="650"><subfield code="a">Rehabilitation</subfield></datafield><datafield ind1=" " ind2="0" tag="650"><subfield code="a">Medical rehabilitation</subfield></datafield><datafield ind1=" " ind2="0" tag="650"><subfield code="a">Neurology</subfield></datafield><datafield ind1="1" ind2=" " tag="700"><subfield code="a">Ertzgaard, Per,</subfield><subfield code="d">1958-</subfield><subfield code="4">aut</subfield><subfield code="0">https://libris.kb.se/19kr5lf1z1t93357#it</subfield><subfield code="0">19kr5lf1z1t93357</subfield></datafield><datafield ind1=" " ind2=" " tag="887"><subfield code="a">{"@id":"7j3rjc6b56hb819m","modified":"2020-01-09T11:55:40+01:00","checksum":"120433360025"}</subfield><subfield code="2">librisxl</subfield></datafield><datafield ind1=" " ind2="s" tag="950"><subfield code="a">Medicinsk rehabilitering</subfield><subfield code="u">Rehabilitering</subfield></datafield><datafield ind1="0" ind2=" " tag="976"><subfield code="a">Vef</subfield><subfield code="b">Nervsystemet (neurologi)</subfield></datafield><datafield ind1=" " ind2=" " tag="841"><subfield code="5">Osts</subfield><subfield code="a">x  a</subfield><subfield code="b">191114||0000|||||000||||||000000</subfield><subfield code="e">u</subfield></datafield><datafield ind1=" " ind2=" " tag="852"><subfield code="5">Osts</subfield><subfield code="b">Osts</subfield></datafield><datafield ind1=" " ind2=" " tag="887"><subfield code="5">Osts</subfield><subfield code="a">{"@id":"3dzr4fsg1l5p5rl3","modified":"2019-11-14T09:16:15.098+01:00","checksum":"40780843312"}</subfield><subfield code="2">librisxl</subfield></datafield></record>
  <record xmlns="http://www.loc.gov/MARC21/slim" type="Bibliographic"><leader>     cam a       7i 4500</leader><controlfield tag="001">q1kf46hjnw20bjw9</controlfield><controlfield tag="003">SE-LIBR</controlfield><controlfield tag="005">20200103133250.0</controlfield><controlfield tag="008">191106s2019    sw |||||||||||000 0|swe|d</controlfield><datafield ind1=" " ind2=" " tag="020"><subfield code="a">9789144136547</subfield><subfield code="q">häftad</subfield></datafield><datafield ind1=" " ind2=" " tag="035"><subfield code="a">(BOKR)9789144136547</subfield></datafield><datafield ind1=" " ind2=" " tag="040"><subfield code="a">BOKR</subfield><subfield code="b">swe</subfield><subfield code="d">H</subfield><subfield code="e">i</subfield><subfield code="e">rda</subfield></datafield><datafield ind1=" " ind2=" " tag="041"><subfield code="a">swe</subfield></datafield><datafield ind1="0" ind2="4" tag="082"><subfield code="a">616.0478</subfield><subfield code="2">23/swe</subfield></datafield><datafield ind1=" " ind2=" " tag="084"><subfield code="a">Vef</subfield><subfield code="2">kssb/8</subfield></datafield><datafield ind1="1" ind2=" " tag="100"><subfield code="a">Johansson, Birgitta,</subfield><subfield code="c">psykolog,</subfield><subfield code="d">1957-</subfield><subfield code="4">aut</subfield><subfield code="0">https://libris.kb.se/jgvz5ww23rff67t#it</subfield><subfield code="0">374252</subfield></datafield><datafield ind1="1" ind2="4" tag="245"><subfield code="a">Den ofattbara hjärntröttheten /</subfield><subfield code="c">Birgitta Johansson, Lars Rönnbäck.</subfield></datafield><datafield ind1=" " ind2=" " tag="250"><subfield code="a">Upplaga 1</subfield></datafield><datafield ind1=" " ind2="1" tag="264"><subfield code="a">Lund :</subfield><subfield code="b">Studentlitteratur,</subfield><subfield code="c">[2019]</subfield></datafield><datafield ind1=" " ind2="3" tag="264"><subfield code="c">2019</subfield></datafield><datafield ind1=" " ind2=" " tag="300"><subfield code="a">135 sidor</subfield><subfield code="b">illustrationer</subfield></datafield><datafield ind1=" " ind2=" " tag="336"><subfield code="a">text</subfield><subfield code="b">txt</subfield><subfield code="2">rdacontent</subfield></datafield><datafield ind1=" " ind2=" " tag="337"><subfield code="a">unmediated</subfield><subfield code="b">n</subfield><subfield code="2">rdamedia</subfield></datafield><datafield ind1=" " ind2=" " tag="338"><subfield code="a">volume</subfield><subfield code="b">nc</subfield><subfield code="2">rdacarrier</subfield></datafield><datafield ind1=" " ind2=" " tag="520"><subfield code="a">Den ofattbara hjärntröttheten handlar om det vi i dagligt tal kallar hjärntrötthet men som i själva verket är en energilöshet och en känsla av orkeslöshet orsakad av sjukdom eller skada. Boken ger en introduktion till vad hjärntrötthet egentligen är, hur hjärntrötthet uppkommer och hur tillståndet kan diagnostiseras och behandlas. Bokens många korta personliga berättelser är avsedda att ge en djupare förståelse för vad hjärntrötthet innebär och hur det faktiskt upplevs att vara hjärntrött.   Boken vänder sig till studenter inom vården, till vårdpersonal i primärvården och inom kommunal verksamhet, som hemtjänst och boendestöd, samt till myndigheter såsom Försäkringskassa och försäkringsbolag. Självklart vänder vi oss även till drabbade och anhöriga och till alla andra som önskar fördjupad kunskap och förståelse. Vi hoppas att denna bok ska öka medvetenheten och kunskapen om hjärntrötthet och inspirera till vidare forskning.</subfield></datafield><datafield ind1=" " ind2="7" tag="650"><subfield code="a">Hjärntrötthet</subfield><subfield code="0">https://id.kb.se/term/sao/Hj%C3%A4rntr%C3%B6tthet</subfield><subfield code="2">sao</subfield><subfield code="0">384894</subfield></datafield><datafield ind1=" " ind2="2" tag="650"><subfield code="a">Mental Fatigue</subfield></datafield><datafield ind1=" " ind2="7" tag="650"><subfield code="a">Psykisk utmattning</subfield><subfield code="2">swemesh</subfield></datafield><datafield ind1=" " ind2="7" tag="650"><subfield code="a">Trötthet</subfield><subfield code="2">swemesh</subfield></datafield><datafield ind1=" " ind2="7" tag="650"><subfield code="a">Hjärna</subfield><subfield code="2">swemesh</subfield></datafield><datafield ind1=" " ind2="7" tag="650"><subfield code="a">Hjärntrötthet</subfield><subfield code="x">behandling</subfield><subfield code="2">sao</subfield><subfield code="0">384894</subfield></datafield><datafield ind1=" " ind2="0" tag="650"><subfield code="a">Mental fatigue</subfield></datafield><datafield ind1="1" ind2=" " tag="700"><subfield code="a">Rönnbäck, Lars,</subfield><subfield code="d">1951-</subfield><subfield code="4">aut</subfield><subfield code="0">https://libris.kb.se/qn25c3n85vnkltc#it</subfield><subfield code="0">373868</subfield></datafield><datafield ind1=" " ind2=" " tag="887"><subfield code="a">{"@id":"q1kf46hjnw20bjw9","modified":"2020-01-03T13:32:50.586+01:00","checksum":"144403694194"}</subfield><subfield code="2">librisxl</subfield></datafield><datafield ind1=" " ind2="s" tag="950"><subfield code="a">Mental trötthet</subfield><subfield code="u">Hjärntrötthet</subfield></datafield><datafield ind1="0" ind2=" " tag="976"><subfield code="a">Vef</subfield><subfield code="b">Nervsystemet (neurologi)</subfield></datafield><datafield ind1=" " ind2=" " tag="841"><subfield code="5">Osts</subfield><subfield code="a">x  a</subfield><subfield code="b">191114||0000|||||000||||||000000</subfield><subfield code="e">u</subfield></datafield><datafield ind1=" " ind2=" " tag="852"><subfield code="5">Osts</subfield><subfield code="b">Osts</subfield></datafield><datafield ind1=" " ind2=" " tag="887"><subfield code="5">Osts</subfield><subfield code="a">{"@id":"9l5zbm0p77lc4srr","modified":"2019-11-14T09:16:15.135+01:00","checksum":"19841801317"}</subfield><subfield code="2">librisxl</subfield></datafield></record>
  <record xmlns="http://www.loc.gov/MARC21/slim" type="Bibliographic"><leader>     cam a        i 4500</leader><controlfield tag="001">22515792</controlfield><controlfield tag="003">SE-LIBR</controlfield><controlfield tag="005">20180716163939.0</controlfield><controlfield tag="008">180320s2018    sw |||||||||||000 0|swe|c</controlfield><datafield ind1=" " ind2=" " tag="020"><subfield code="a">9789144115771</subfield><subfield code="q">häftad</subfield></datafield><datafield ind1=" " ind2=" " tag="035"><subfield code="a">(BOKR)9789144115771</subfield></datafield><datafield ind1=" " ind2=" " tag="035"><subfield code="a">(OCoLC)1038660591</subfield></datafield><datafield ind1=" " ind2=" " tag="040"><subfield code="a">BOKR</subfield><subfield code="b">swe</subfield><subfield code="d">L</subfield><subfield code="e">i</subfield><subfield code="e">rda</subfield></datafield><datafield ind1=" " ind2=" " tag="041"><subfield code="a">swe</subfield></datafield><datafield ind1=" " ind2=" " tag="042"><subfield code="9">NB</subfield></datafield><datafield ind1="0" ind2="4" tag="082"><subfield code="a">616.025</subfield><subfield code="2">23/swe</subfield></datafield><datafield ind1=" " ind2=" " tag="084"><subfield code="a">Vpj</subfield><subfield code="2">kssb/8</subfield></datafield><datafield ind1="1" ind2=" " tag="100"><subfield code="a">Wikström, Jonas,</subfield><subfield code="d">1974-</subfield><subfield code="4">aut</subfield><subfield code="0">https://libris.kb.se/1zcgkm2k0csrpbq#it</subfield><subfield code="0">272267</subfield></datafield><datafield ind1="1" ind2="0" tag="245"><subfield code="a">Akutsjukvård :</subfield><subfield code="b">omvårdnad och behandling vid akut sjukdom eller skada /</subfield><subfield code="c">Jonas Wikström.</subfield></datafield><datafield ind1=" " ind2=" " tag="250"><subfield code="a">Tredje upplagan</subfield></datafield><datafield ind1=" " ind2="1" tag="264"><subfield code="a">Lund :</subfield><subfield code="b">Studentlitteratur ,</subfield><subfield code="c">[2018]</subfield></datafield><datafield ind1=" " ind2="3" tag="264"><subfield code="c">2018</subfield></datafield><datafield ind1=" " ind2=" " tag="300"><subfield code="a">327 sidor</subfield><subfield code="b">illustrationer</subfield><subfield code="c">25 cm</subfield></datafield><datafield ind1=" " ind2=" " tag="336"><subfield code="a">text</subfield><subfield code="b">txt</subfield><subfield code="2">rdacontent</subfield></datafield><datafield ind1=" " ind2=" " tag="337"><subfield code="a">unmediated</subfield><subfield code="b">n</subfield><subfield code="2">rdamedia</subfield></datafield><datafield ind1=" " ind2=" " tag="338"><subfield code="a">volume</subfield><subfield code="b">nc</subfield><subfield code="2">rdacarrier</subfield></datafield><datafield ind1=" " ind2=" " tag="340"><subfield code="b">25 cm</subfield></datafield><datafield ind1=" " ind2=" " tag="500"><subfield code="a">Härtill kompletterande material på Internet (aktiveringskod krävs)</subfield></datafield><datafield ind1=" " ind2=" " tag="599"><subfield code="a">Maskinellt genererad post. Ändra kod för fullständighetsnivå (leader/17), annars kommer manuellt gjorda ändringar att försvinna.</subfield></datafield><datafield ind1=" " ind2="7" tag="650"><subfield code="a">Akutvård</subfield><subfield code="0">https://id.kb.se/term/sao/Akutv%C3%A5rd</subfield><subfield code="2">sao</subfield><subfield code="0">139054</subfield></datafield><datafield ind1=" " ind2="2" tag="650"><subfield code="a">Emergencies</subfield></datafield><datafield ind1=" " ind2="2" tag="650"><subfield code="a">Acute Disease</subfield></datafield><datafield ind1=" " ind2="2" tag="650"><subfield code="a">Critical Care </subfield></datafield><datafield ind1=" " ind2="2" tag="650"><subfield code="a">Emergency Medical Services</subfield></datafield><datafield ind1=" " ind2="0" tag="650"><subfield code="a">Emergency medical services</subfield></datafield><datafield ind1=" " ind2="2" tag="655"><subfield code="a">Nurses' Instruction</subfield></datafield><datafield ind1=" " ind2=" " tag="887"><subfield code="a">{"@id":"2ldvt9xd5fdgk8n","modified":"2018-07-16T16:39:39.268+02:00","checksum":"107633851151"}</subfield><subfield code="2">librisxl</subfield></datafield><datafield ind1=" " ind2="s" tag="950"><subfield code="a">Akutsjukvård</subfield><subfield code="u">Akutvård</subfield></datafield><datafield ind1="0" ind2=" " tag="976"><subfield code="a">Vpj</subfield><subfield code="b">Akutvård</subfield></datafield><datafield ind1=" " ind2=" " tag="841"><subfield code="5">Osts</subfield><subfield code="a">x  a</subfield><subfield code="b">200107||0000|||||000||||||000000</subfield><subfield code="e">u</subfield></datafield><datafield ind1=" " ind2=" " tag="852"><subfield code="5">Osts</subfield><subfield code="b">Osts</subfield></datafield><datafield ind1=" " ind2=" " tag="887"><subfield code="5">Osts</subfield><subfield code="a">{"@id":"htlkss6zfgz13cbw","modified":"2020-01-07T11:03:48.211+01:00","checksum":"32063360458"}</subfield><subfield code="2">librisxl</subfield></datafield></record>
</collection>